Toutes les premières subdivisions du monde sur une carte - Statistiques

Statistiques générales
  • Ce quiz a été pris 358 fois
    248 depuis la dernière actualisation
  • Le résultat moyen est 331 sur 3795
Réponses sur la Carte
Les réponses sont colorées sur une échelle allant du rouge au vert en fonction du pourcentage des utilisateurs qui les ont devinées à leur premier essai. Vous pouvez retrouver ces pourcentages ci-dessous.
 
Statistiques - réponses
Country Type de quiz Subdivision % Correct
Kazakhstan Région Kazakhstan est
88%
Maroc Région Oriental
88%
Royaume-Uni Dependence de la Couronne Île de Man
87%
Saudi Arabia Région Frontières nord
86%
Danemark Région Jutland du nord
86%
Kazakhstan Région Kazakhstan nord
86%
Australie Territoire Territoire du nord
86%
Danemark Région Danemark du sud
84%
Ethiopie Région Région des nations, nationalités et peuples du Sud
84%
Myanmar Division Wa
80%
France Region Centre-Val de Loire
79%
Canada Province Québec
79%
Botswana District Central
78%
Papouasie Nouvelle Guinée Province Central
78%
Paraguay Département Central
78%
Ghana Région Centrale
78%
Burkina Faso Région Centre
78%
Cameroun Région Centre
78%
Fidji Région Centre
78%
Haiti Département Centre
78%
Malawi Région Centre
78%
Îles Salomon Province Centre
78%
Sri Lanka Province Centre
78%
Zambie Province Centre
78%
République Démocratique du Congo Province Congo Central
78%
Tajikistan Région Districts relevant de la juridiction du gouvernement central
78%
Finlande Région Finlande centrale
78%
Singapour Conseil Singapour central
78%
Grèce Administration Thessalie et la Grèce centrale
78%
France Region Île-de-France
77%
France Region Bretagne
76%
Etats Unis Etat Texas
76%
Etats Unis District Washington D.C.
76%
Etats Unis Etat Alaska
75%
Algérie Province Bordj Bou Arréridj
75%
Etats Unis Etat Californie
75%
France Region Provence-Alpes-Côte d'Azur
75%
France Region Grand Est
74%
France Region Hauts-de-France
74%
France Region Normandie
74%
Etats Unis Etat Floride
73%
Uruguay Département Floride
73%
Myanmar Etat Mon
73%
Turquie Province Muş
73%
Etats Unis Etat New York
73%
France Region Nouvelle-Aquitaine
73%
France Region Pays de la Loire
73%
France Region Bourgogne-Franche-Comté
72%
Gambie Région Côte Ouest
72%
Kazakhstan Région Kazakhstan ouest
72%
Etats Unis Etat Nevada
72%
Etats Unis Etat Nouveau Mexique
72%
France Region Occitanie
72%
Etats Unis Etat Washington
72%
France Region Corse
71%
Bahamas District Île Cat
71%
Etats Unis Etat Louisiane
71%
France Region Auvergne-Rhône-Alpes
70%
Côte d'Ivoire Région La Mé
70%
Bahreïn Province Nord
70%
Burkina Faso Région Nord
70%
Cameroun Région Nord
70%
Fidji Région Nord
70%
Ghana Région Nord
70%
Haiti Département Nord
70%
Israël District Nord
70%
Liban Gouvernorat Nord
70%
Malawi Région Nord
70%
Malta Région Nord
70%
Rwanda Province Nord
70%
Sierra Leone Province Nord
70%
Sri Lanka Province Nord
70%
Soudan Etat Nord
70%
Zambie Province Nord
70%
Bahreïn Province Sud
70%
Botswana District Sud
70%
Cameroun Région Sud
70%
Eritrhée Région Sud
70%
Haiti Département Sud
70%
Israël District Sud
70%
Liban Gouvernorat Sud
70%
Malawi Région Sud
70%
Malta Région Sud
70%
Rwanda Province Sud
70%
Sierra Leone Province Sud
70%
Sri Lanka Province Sud
70%
Zambie Province Sud
70%
Etats Unis Etat Caroline du Nord
69%
Etats Unis Etat Caroline du Sud
69%
Etats Unis Etat Dakota du Nord
69%
Etats Unis Etat Dakota du Sud
69%
Etats Unis Etat Michigan
69%
Jordanie Gouvernorat Ma'an
68%
Burkina Faso Région Est
67%
Cameroun Région Est
67%
Fidji Région Est
67%
Ghana Région Est
67%
Rwanda Province Est
67%
Sierra Leone Province Est
67%
Sri Lanka Province Est
67%
Zambie Province Est
67%
Etats Unis Etat Kansas
67%
Etats Unis Etat Virginie
67%
Etats Unis Etat Arizona
66%
Royaume-Uni Pays constitutif Ecosse
66%
Danemark Pays constitutif Groenland
66%
Etats Unis Etat Mississippi
66%
Etats Unis Etat Ohio
66%
Canada Province Ontario
66%
Etats Unis Etat Oregon
66%
Etats Unis Etat Utah
66%
Royaume-Uni Pays constitutif Angleterre
65%
Etats Unis Etat Colorado
65%
Etats Unis Etat Maine
65%
Etats Unis Etat Pennsylvanie
65%
Italie Région Sicile
65%
Canada Province Terre-Neuve et Labrador
65%
Etats Unis Etat Vermont
65%
Etats Unis Etat Alabama
64%
Etats Unis Etat Arkansas
64%
Belgique Région Bruxelles Capitale
64%
Italie Région Sardaigne
64%
Etats Unis Etat Tennessee
64%
Etats Unis Etat Wyoming
64%
Espagne Communauté autonome Catalogne
63%
Etats Unis Etat Georgie
63%
Vietnam Municipalité Hồ Chí Minh Ville
63%
Etats Unis Etat Idaho
63%
Etats Unis Etat Minnesota
63%
Cameroun Région Ouest
63%
Fidji Région Ouest
63%
Ghana Région Ouest
63%
Haiti Département Ouest
63%
Papouasie Nouvelle Guinée Province Ouest
63%
Rwanda Province Ouest
63%
Sierra Leone Aire Ouest
63%
Îles Salomon Province Ouest
63%
Sri Lanka Province Ouest
63%
Zambie Province Ouest
63%
Royaume-Uni Pays constitutif Pays de Galles
63%
Etats Unis Etat Virginie Occidentale
63%
Etats Unis Etat Kentucky
62%
Etats Unis Etat New Jersey
62%
Etats Unis Etat Rhode Island
62%
Etats Unis Etat Hawaï
61%
Etats Unis Etat Indiana
61%
Etats Unis Etat Missouri
61%
Antigua et Barbuda Paroisse Saint Pierre
61%
Barbade Paroisse Saint Pierre
61%
Dominique Paroisse Saint Pierre
61%
Etats Unis Etat Illinois
60%
Etats Unis Etat Iowa
60%
Royaume-Uni Pays constitutif Irlande du nord
60%
France Region Martinique
60%
Turkménistan Région Mary
60%
Etats Unis Etat Oklahoma
60%
Ghana Région Ouest-Nord
60%
Brésil Etat Rio de Janeiro
60%
Canada Territoire Territoire du Nord-Ouest
60%
Bulgarie Province Montana
59%
Etats Unis Etat Montana
59%
Pays-Bas Pays Constitutif Pays-Bas
59%
Russie Republique Sakha
59%
Espagne Communauté autonome Andalousie
58%
France Region Guadeloupe
58%
Royaume-Uni Dependence de la Couronne Jersey
58%
Libéria Comté Maryland
58%
Etats Unis Etat Maryland
58%
Etats Unis Etat Massachusetts
58%
Etats Unis Etat Nebraska
58%
Portugal District Porto
58%
Allemagne Etat Fédéré Berlin
57%
Belgique Région Wallonie
57%
Etats Unis Etat Wisconsin
57%
Etats Unis Etat Connecticut
56%
Royaume-Uni Dependence de la Couronne Guernesey
56%
Espagne Communauté autonome Madrid
56%
Etats Unis Etat New Hampshire
56%
Suisse Canton Basel-Landschaft
55%
Suisse Canton Basel-Stadt
55%
Mexique Etat México
55%
Nouvelle Zélande Pays Nouvelle Zélande
55%
France Region Réunion
55%
Japon Préfecture Tokyo
55%
Canada Province Colombie Britannique
54%
France Region Guyane Française
54%
Canada Province Alberta
53%
Etats Unis Etat Delaware
53%
Turquie Province Istanbul
53%
Russie Ville fédérale Moscou
53%
Russie Oblast Moscou
53%
Algérie Province Alger
52%
Allemagne Etat Fédéré Bavière
52%
Espagne Communauté autonome Îles Baléares
52%
Portugal District Lisbon
52%
Canada Territoire Nunavut
52%
Espagne Communauté autonome Pays Basque
52%
Chine Municipalité Pékin
52%
Grèce Région Péloponnèse, Grèce occidentale et Ionienne
52%
Turquie Province Ankara
51%
Grèce Région Crète
51%
Suisse Canton Bern
50%
Equateur Province Cañar
50%
Inde Territoire Delhi
50%
Irlande Ville Dublin
50%
Ukraine Ville Kiev
50%
Ukraine Oblast Kiev
50%
Indonesia Province Région Speciale de Jakarta Capitale
50%
France Territoire d'outre mer Saint Pierre et Miquelon
50%
Liechtenstein Municipalité Schaan
50%
Corée du Sud Province Seoul
50%
Australie Etat Tasmanie
50%
Argentine Ville Buenos Aires
49%
Argentine Province Buenos Aires
49%
Royaume-Uni Territoire d'outre-mer Gibraltar
49%
Allemagne Etat Fédéré Hambourg
49%
Canada Province Île du Prince Edouard
49%
Irlande Comté Mayo
48%
France Region Mayotte
48%
Chine Région Tibet
48%
Honduras Département Valle
48%
Belgique Région Flandres
47%
Chine Région spéciale Hong Kong
47%
Espagne Communauté autonome Îles Canaries
47%
Espagne Communauté autonome Galice
46%
Egypte Gouvernorat Le Caire
46%
Italie Région Lombardie
46%
Chili Région Santiago
46%
République Dominicaine Province Santiago
46%
Autriche Etat Fédéré Vienne
46%
Canada Territoire Yukon
46%
Sainte Lucie District Canaries
45%
Russie Oblast Crimée
45%
Suisse Canton Genève
45%
Norvège Région Oslo
45%
Australie Etat Queensland
45%
Myanmar Etat Shan
45%
Emirats Arabes Unis Emirat Dubaï
44%
Canada Province Nouvelle Ecosse
44%
Russie Ville fédérale Saint Pétersbourg
44%
Taiwan Municipalité Taipei
44%
Italie Région Valée d'Aoste
44%
Espagne Communauté autonome Valence
44%
Finlande Région Finlande du Sud-Ouest
43%
Botswana District Nord-Ouest
43%
Cameroun Région Nord-Ouest
43%
Haiti Département Nord-Ouest
43%
Sierra Leone Province Nord Ouest
43%
Singapour Conseil Nord Ouest
43%
Afrique du Sud Province Nord Ouest
43%
Sri Lanka Province Nord Ouest
43%
Zambie Province Nord-Ouest
43%
Canada Province Nouveau Brunswick
43%
Ethiopie Région Région populaire du sud-ouest de l’Éthiopie
43%
Islande Municipalité Reykjavík
43%
Brésil Etat São Paulo
43%
Australie Etat Victoria
43%
Espagne Communauté autonome Castille et León
42%
Bangladesh Division Dacca
42%
Togo Région Kara
42%
Perou Département Lima
42%
Perou Province Lima
42%
Luxembourg Canton Luxembourg
42%
Canada Province Manitoba
42%
Biélorussie Ville Minsk
42%
Biélorussie Voblast Minsk
42%
Botswana District Nord-Est
42%
Ghana Région Nord Est
42%
Haiti Département Nord-Est
42%
Singapour Conseil Nord Est
42%
Japon Préfecture Osaka
42%
Canada Province Saskatchewan
42%
Allemagne Etat Fédéré Saxe
42%
Suede Comté Stockholm
42%
Botswana District Sud-Est
42%
Haiti Département Sud-Est
42%
Malta Région Sud Est
42%
Singapour Conseil Sud Est
42%
Burkina Faso Region Sud-Ouest
42%
Cameroun Région Sud-Ouest
42%
Singapour Conseil Sud Ouest
42%
Somalie Etat Sud Ouest
42%
Norvège Territoire Svalbard
42%
Italie Région Toscane
42%
Suisse Canton Zürich
42%
Portugal Région Açores
41%
Espagne Communauté autonome Aragon
41%
France Collectivité Sui Generis Nouvelle Caledonie
41%
Italie Région Piemont
41%
France Collectivité d'outre-mer Polynésie Française
41%
Italie Région Pouilles
41%
République Tchèque Région Prague
41%
Italie Région Vénétie
41%
Thailande Aire Bangkok
40%
Italie Région Latium
40%
Norvège Région Møre og Romsdal
40%
Roumanie Municipalité Bucarest
39%
Bolivie Département La Paz
39%
El Salvador Département La Paz
39%
Honduras Département La Paz
39%
Corée du Nord Ville administrée directement Pyongyang
39%
Letonnie Ville Rīga
39%
Suisse Canton Valais
39%
Hongrie Comté Budapest
38%
Italie Région Emilie-Romagne
38%
Chine Région spéciale Macao
38%
Espagne Communauté autonome Murcie
38%
Etats Unis Territoire Porto Rico
38%
Chine Municipalité Shanghai
38%
Libye District Tripoli
38%
Lituanie Comté Vilnius
38%
Mexique Etat Yucatán
38%
Vietnam Municipalité Hà Nội
37%
Japon Préfecture Hokkaido
37%
Royaume-Uni Territoire d'outre-mer Sainte-Hélène, Ascension et Tristan da Cunha
37%
Moldavie Municipalité Chișinău
36%
Syrie Gouvernorat Damas
36%
Grèce Région Macedoine et Thrace
36%
Portugal Région Madère
36%
Cap Vert Municipalité Sal
36%
Colombie Département Sucre
36%
Venezuela Etat Sucre
36%
Turkménistan Région Ahal
35%
Andorre Paroisse Andorre la Vieille
35%
Espagne Communauté autonome Asturies
35%
Australie Etat Australie occidentale
35%
Allemagne Etat Fédéré Baden-Württemberg
35%
Irak Province Bagdad
35%
Allemagne Etat Fédéré Bremen
35%
Brésil Canton District Fédéral
35%
Afghanistan Province Kaboul
35%
Japon Préfecture Kyoto
35%
Chine Région Mongolie Intérieure
35%
Myanmar Zone Naga
35%
Espagne Communauté autonome Navarre
35%
Saudi Arabia Région Riyadh
35%
Allemagne Etat Fédéré Sarre
35%
Bulgarie Province Sofia
35%
Madagascar Région Sofia
35%
Albanie Comté Tirana
35%
Tunisie Gouvernorat Tunis
35%
Espagne Ville Ceuta
34%
Papouasie Nouvelle Guinée District District de la Capitale Nationale
34%
Ukraine Oblast Donetsk
34%
Finlande Région Laponie
34%
Nigeria Territoire Territoire de la capitale fédérale
34%
Croatie Ville Zagreb
34%
Croatie Comté Zagreb
34%
Mali District Bamako
33%
Montenegro Municipalité Bar
33%
Republique du Congo Département Brazzaville
33%
Espagne Communauté autonome Castille-La Manche
33%
Equateur Province Galápagos
33%
Liechtenstein Municipalité Vaduz
33%
Kazakhstan Ville Astana
32%
Azerbaïdjan Ville Bakou
32%
Allemagne Etat Fédéré Basse saxe
32%
Italie Région Calabre
32%
Israël District Jérusalem
32%
Slovénie Ville Ljubljana
32%
Ukraine Oblast Odessa
32%
Algérie Province Oran
32%
Panama Province Panamá
32%
Allemagne Etat Fédéré Rhénanie du nord-Westphalie
32%
Australie Territoire Territoire de la capitale Australienne
32%
Italie Région Trentin-Tirol du sud
32%
Serbie Ville Belgrade
31%
Angola Province Bié
31%
Japon Préfecture Hiroshima
31%
République Démocratique du Congo Province Kinshasa
31%
Monaco Secteur réservé Monaco-Ville
31%
Monaco Quartier ordonnancé Monte-Carlo
31%
Uruguay Département Montevideo
31%
Yémen Province Sana'a
31%
Maroc Région Setta-Casablanca
31%
Russie Republique Tchétchénie
31%
Bahreïn Province Capitale
30%
Mexique Etat Chihuahua
30%
Maroc Région Dakhla-Oued Ed-Dahab
30%
Japon Préfecture Nagasaki
30%
Mongolie Municipalité Oulan-Bator
30%
France Territoire d'outre mer Saint Martin
30%
Pays-Bas Pays Constitutif Saint Martin
30%
France Collectivité d'outre-mer Wallis et Futuna
30%
Finlande Région Autonome Åland
29%
Serbie District Bor
29%
Allemagne Etat Fédéré Brandenbourg
29%
Slovaquie Région Bratislava
29%
Pays-Bas Pays Constitutif Curaçao
29%
Bosnie-Herzégovine Division Fédération de Bosnie et Herzégovine
29%
Argentine Province La Rioja
29%
Espagne Communauté autonome La Rioja
29%
Ethiopie Région Somali
29%
Autriche Etat Fédéré Tirol
29%
Australie Etat Australie méridionale
28%
Italie Région Campanie
28%
Tanzanie Région Dar es Salaam
28%
Arménie Municipalité Erévan
28%
Royaume-Uni Territoire d'outre-mer Îles Malouines
28%
Jamaique Paroisse Kingston
28%
Italie Région Ligurie
28%
Espagne Ville Melilla
28%
Australie Etat Nouvelles Galles du sud
28%
Pakistan Territoire Territoire de la capitale Islamabad
28%
Suisse Canton Vaud
28%
Egypte Gouvernorat Alexandrie
27%
Brésil Etat Amazonas
27%
Colombie Département Amazonas
27%
Perou Département Amazonas
27%
Venezuela Etat Amazonas
27%
Mexique Etat Baja California
27%
Irlande Ville Cork
27%
Irlande Comté Cork
27%
Sénégal Région Dakar
27%
Djibouti Région Djibouti
27%
Russie Oblast Kaliningrad
27%
Nigeria Etat Lagos
27%
Îles Marshall Municipalité Lib
27%
Angola Province Luanda
27%
Maldives Atoll Malé
27%
Maldives Ville Malé
27%
Oman Province Mascate
27%
Kenya Comté Nairobi
27%
Indonésie Province Papouasie
27%
Brésil Etat Pará
27%
Suriname District Para
27%
Cambodge Province Phnom Penh
27%
Russie Oblast Sakhaline
27%
Perou Département San Martín
27%
Russie Ville fédérale Sébastopol
27%
Somalie Etat Somaliland
27%
Maroc Région Tanger-Tetouan-Al Hoceima
27%
Georgie Municipalité Tbilissi
27%
Israël District Tel Aviv
27%
Allemagne Etat Fédéré Thuringe
27%
Laos Préfecture Vientiane
27%
Laos Province Vientiane
27%
Chine Région Xinjiang
27%
Ethiopie Ville Addis Abeba
26%
Pays-Bas Pays Constitutif Aruba
26%
Royaume-Uni Territoire d'outre-mer Bermudes
26%
Liban Gouvernorat Beyrouth
26%
Guatemala Département Guatemala
26%
Allemagne Etat Fédéré Hesse
26%
Maurice Île Mauritius
26%
Allemagne Etat Fédéré Mecklembourg-Poméranie-Occidentale
26%
Allemagne Etat Fédéré Schleswig-Holstein
26%
Suisse Canton Tessin
26%
Russie Kraï Kamchatka
25%
Italie Région Marche
25%
Italie Région Ombrie
25%
Montenegro Municipalité Podgorica
25%
France Territoire d'outre mer Saint Barthélemy
25%
Ouzbékistan Ville Tachkent
25%
Ouzbékistan Région Tachkent
25%
Gambie City Banjul
24%
Espagne Communauté autonome Cantabrie
24%
Pologne Province Couïavie-Poméranie
24%
Espagne Communauté autonome Extremadura
24%
Maroc Région Fès-Meknès
24%
Etats Unis Territoire Guam
24%
Suisse Canton Jura
24%
Ukraine Oblast Kharkiv
24%
Ukraine Oblast Louhansk
24%
Ukraine Oblast Lviv
24%
Brésil Etat Mato Grosso
24%
Russie Oblast Mourmansk
24%
Tchad Région N'Djamena
24%
Niger Région Niamey
24%
Pologne Province Pomeranie
24%
Kosovo District Pristina
24%
Costa Rica Province San José
24%
Uruguay Département San José
24%
Allemagne Etat Fédéré Saxe-Anhalt
24%
Croatie Comté Split-Dalmatie
24%
Turquie Province Van
24%
Italie Région Abruzzes
23%
Turkménistan District Achgabat
23%
Jordanie Gouvernorat Amman
23%
Kyrgyzstan Ville Bichkek
23%
Biélorussie Voblast Brest
23%
Corée du Sud Province Busan
23%
Grèce Région Egée
23%
Portugal District Faro
23%
Suisse Canton Grisons
23%
Ouganda Ville Kampala
23%
Nicaragua Département León
23%
Tanzanie Région Mara
23%
Autriche Etat Fédéré Salzburg
23%
Pologne Province Silesie
23%
Moldavie Région autonome Transnistrie
23%
République Centrafricaine Préfecture Bangui
22%
Algérie Province Constantine
22%
Russie Republique Daghestan
22%
Tajikistan Région Douchanbé
22%
Irlande Ville Galway
22%
Irlande Comté Galway
22%
Chine Province Hainan
22%
Etats Unis Territoire Îles Vierges américaines
22%
Soudan Etat Khartoum
22%
Russie Oblast Léningrad
22%
Suisse Canton Neuchâtel
22%
São Tomé et Príncipe Région Príncipe
22%
Etats Unis Territoire Samoas Américaines
22%
Philippines Région Capitale Nationale
21%
Russie Republique Carélie
21%
Eritrhée Région Central
21%
Israël District Central
21%
Malta Région Central
21%
Colombie District District de la capitale
21%
Paraguay District District de la capitale
21%
Venezuela District District de la capitale
21%
République Dominicaine District Distrito Nacional
21%
Tanzanie Région Dodoma
21%
Botswana Ville Gaborone
21%
Danemark Pays constitutif Îles Féroés
21%
Mozambique Ville Maputo
21%
Mozambique Province Maputo
21%
Japon Préfecture Okinawa
21%
Russie Republique Ossétie du Nord-Alanie
21%
Trinité-et-Tobago Municipalité Port d'Espagne
21%
Allemagne Etat Fédéré Rhénanie-Palatinat
21%
Russie Oblast Rostov
21%
Trinité-et-Tobago Île Tobago
21%
Côte d'Ivoire District Yamoussoukro
21%
Georgie République Abkhazie
20%
Suisse Canton Fribourg
20%
Japon Préfecture Fukushima
20%
Zimbabwe Province Harare
20%
Turquie Province İzmir
20%
Russie Oblast Volgograd
20%
Ukraine Oblast Zaporijia
20%
Côte d'Ivoire District Abidjan
19%
Emirats Arabes Unis Emirat Abou Dhabi
19%
Russie Oblast Amour
19%
Indonésie Province Bali
19%
Portugal District Braga
19%
Brunei Darussalam District Brunei-Muara
19%
Myanmar Etat Chin
19%
Guinée Région Conakry
19%
Mozambique Province Gaza
19%
Inde Etat Goa
19%
Royaume-Uni Territoire d'outre-mer Îles Caïman
19%
Royaume-Uni Territoire d'outre-mer Îles Turques-et-Caïques
19%
Rwanda Province Kigali
19%
Malaisie Territoire Kuala Lumpur
19%
Suisse Canton Luzern
19%
Lesotho District Maseru
19%
Nouvelle Zélande Association Niue
19%
Cap Vert Municipalité Porto Novo
19%
Bosnie-Herzégovine Division Republika Srpska
19%
Bahamas District San Salvador
19%
El Salvador Département San Salvador
19%
Macédoine du Nord Municipalité Saraj
19%
Suisse Canton Uri
19%
Inde Etat Uttar Pradesh
19%
Italie Région Basilicate
18%
Bélize District Bélize
18%
Burundi Province Gitega
18%
Suede Comté Gotland
18%
Nouvelle Zélande Association Îles Cook
18%
Etats Unis Territoire Îles Mariannes du Nord
18%
Royaume-Uni Territoire d'outre-mer Îles Vierges Britanniques
18%
Corée du Sud Province Jeju
18%
Ukraine Oblast Kherson
18%
Zambie Province Lusaka
18%
Nicaragua Département Managua
18%
Italie Région Molise
18%
Antigua et Barbuda Paroisse Saint John
18%
Barbade Paroisse Saint John
18%
Dominique Paroisse Saint John
18%
Grenade Paroisse Saint John
18%
Kazakhstan Ville Almaty
17%
Kazakhstan Région Almaty
17%
Royaume-Uni Territoire d'outre-mer Anguilla
17%
Roumanie Comté Cluj
17%
Australie Territoire d'outre-mer Île Christmas
17%
Slovénie Municipalité Luče
17%
Cap Vert Municipalité Praia
17%
Mali Région Tombouctou
17%
Yémen Province Aden
16%
Russie Oblast Arkhangelsk
16%
Autriche Etat Fédéré Basse Autriche
16%
Guinée-Bissau Secteur Bissau
16%
Inde Territoire Dadra et Nagar Haveli et Daman et Diu
16%
Ukraine Oblast Dnipropetrovsk
16%
Slovénie Municipalité Dobrovnik
16%
Croatie Comté Dubrovnik-Neretva
16%
Luxembourg Canton Esch-sur-Alzette
16%
Italie Région Frioul-Vénétie Julienne
16%
Autriche Etat Fédéré Haute Autriche
16%
Australie Territoire d'outre-mer Îles Cocos
16%
Russie Kraï Krasnodar
16%
Myanmar Territoire Naypyidaw
16%
Russie Oblast Novgorod
16%
Suriname District Paramaribo
16%
Estonie Comté Saare
16%
Saint Christophe et Nieves Île Saint Christophe
16%
Turquie Province Antalya
15%
Antigua et Barbuda dépendance Barbuda
15%
Timor Oriental Municipalité Dili
15%
Lituanie Comté Kaunas
15%
Russie Oblast Koursk
15%
Royaume-Uni Territoire d'outre-mer Montserrat
15%
Dominique Paroisse Saint Luc
15%
Yémen Province Socotra
15%
Russie Republique Tuva
15%
Syrie Gouvernorat Alep
14%
Brésil Etat Bahia
14%
Sainte Lucie District Castries
14%
Argentine Province Córdoba
14%
Colombie Département Córdoba
14%
Malta Région Gozo
14%
Australie Territoire d'outre-mer Île Norfolk
14%
Russie Kraï Krasnoïarsk
14%
Argentine Province La Pampa
14%
Pologne Province Łódź
14%
Yémen Province Ma'rib
14%
Slovénie Ville Maribor
14%
Saint Christophe et Nieves Île Niéves
14%
Russie Oblast Omsk
14%
Mexique Etat Sinaloa
14%
Mexique Etat Baja California Sur
13%
Albanie Comté Durrës
13%
Tchad Région Lac
13%
Argentine Province Mendoza
13%
Russie Oblast Autonome Oblast juif autonome
13%
Antigua et Barbuda Paroisse Saint George
13%
Saint Vincent et les Grenadines Paroisse Saint George
13%
Barbade Paroisse Saint Georges
13%
Dominique Paroisse Saint Georges
13%
Grenada Paroisse Saint Georges
13%
Chine Province Sichuan
13%
Autriche Etat Fédéré Styrie
13%
Pologne Province Basse Silésie
12%
Russie Oblast Belgorod
12%
Libye District Benghazi
12%
Turquie Province Bursa
12%
Burkina Faso Region Centre-Est
12%
Burkina Faso Région Centre-Ouest
12%
Mexique Etat Chiapas
12%
Bangladesh Division Chittagong
12%
Chine Municipalité Chongqing
12%
Grèce Région Épire et Macédoine occidentale
12%
Russie Republique Ingouchie
12%
Mexique Etat Jalisco
12%
Irlande Ville-Comté Limerick
12%
Brésil Etat Mato Grosso du Sud
12%
Japon Préfecture Mie
12%
Algérie Province Mila
12%
Grèce Communauté monastique Mont Athos
12%
Thailande Province Nan
12%
Japon Préfecture Nara
12%
République Démocratique du Congo Province Nord Kivu
12%
Russie Kraï Perm
12%
Bulgarie Province Plovdiv
12%
Egypte Gouvernorat Port Saïd
12%
Russie Oblast Pskov
12%
Inde Etat Rajasthan
12%
Brésil Etat Rio Grande du Sud
12%
Sénégal Région Saint-Louis
12%
Seychelles District Saint Louis
12%
Antigua et Barbuda Paroisse Saint Paul
12%
Dominique Paroisse Saint Paul
12%
Argentine Province San Juan
12%
République Dominicaine Province San Juan
12%
Argentine Province Santa Cruz
12%
Bolivie Département Santa Cruz
12%
Cap Vert Municipalité Santa Cruz
12%
Suisse Canton Schaffhausen
12%
Tunisie Gouvernorat Sfax
12%
Suede Comté Skåne
12%
Russie Oblast Smolensk
12%
Suisse Canton St. Gallen
12%
République Démocratique du Congo Province Sud Kivu
12%
Egypte Gouvernorat Suez
12%
Russie Republique Tatarstan
12%
Russie Okroug autonome Tchoukotka
12%
Chine Municipalité Tianjin
12%
Norvège Région Troms og Finnmark
12%
Bulgarie Province Varna
12%
Mexique Etat Veracruz
12%
Russie Oblast Vladimir
12%
Autriche Etat Fédéré Vorarlberg
12%
Nauru District Yaren
12%
Samoa District Aʻana
11%
Suisse Canton Aargau
11%
Royaume-Uni Territoire d'outre-mer Akrotiri et Dhekelia
11%
Turquie Province Batman
11%
Russie Oblast Bryansk
11%
Autriche Etat Fédéré Burgenland
11%
Burkina Faso Région Centre-Nord
11%
Sri Lanka Province Centre Nord
11%
Burkina Faso Région Centre-Sud
11%
Cuba Province Guantánamo
11%
Chine Province Hebei
11%
Mexique Etat Hidalgo
11%
Royaume-Uni Territoire d'outre-mer Îles Pitcairn
11%
Iran Province Kurdistan
11%
Monaco Quartier ordonnancé La Rousse
11%
Maroc Région Marrakesh-Safi
11%
Russie Oblast Novossibirsk
11%
Mexique Etat Oaxaca
11%
Brésil Etat Paraná
11%
Inde Territoire Pondicherry
11%
Mexique Etat Puebla
11%
Brésil Etat Rio Grande du Nord
11%
Suisse Canton Solothurn
11%
Suisse Canton Thurgau
11%
Roumanie Comté Timiș
11%
Turquie Province Trabzon
11%
Russie Republique Adyguée
10%
Brésil Etat Amapá
10%
Suisse Canton Appenzell Ausserrhoden
10%
Suisse Canton Appenzell Innerrhoden
10%
Papouasie Nouvelle Guinée Région Autonome Bougainville
10%
Roumanie Comté Constanța
10%
Japon Préfecture Fukuoka
10%
Tuvalu Île Funafuti
10%
Mali Région Gao
10%
Suisse Canton Glarus
10%
Saint Vincent et les Grenadines Paroisse Grenadines
10%
Chine Province Guangdong
10%
Israël District Haifa
10%
Nigeria Etat Kano
10%
Maroc Région Laâyoune-Sakia El Hamra
10%
Brésil Etat Minas Gerais
10%
Nigeria Etat Niger
10%
Thailande Province Phuket
10%
Inde Etat Punjab
10%
Pakistan Province Punjab
10%
Mexique Etat Quintana Roo
10%
Russie Oblast Samara
10%
Mexique Etat Sonora
10%
Chine Province Yunnan
10%
Brésil Etat Acre
9%
Russie Republique Altaï
9%
Russie Kraï Altaï
9%
Russie Oblast Astrakhan
9%
Inde Etat Bengale occidental
9%
Bolivie Département Beni
9%
République Tchèque Région Bohème du sud
9%
Mexique Etat Campeche
9%
Autriche Etat Fédéré Carinthie
9%
Japon Préfecture Chiba
9%
Andorre Paroisse Encamp
9%
Monaco Quartier ordonnancé Fontvieille
9%
Comores Île Grande Comore
9%
Chine Province Hubei
9%
Corée du Sud Province Incheon
9%
Monaco Quartier ordonnancé Jardin Exotique
9%
Inde Etat Kerala
9%
Russie Oblast Kirov
9%
Monaco Quartier ordonnancé La Condamine
9%
Russie Oblast Lipetsk
9%
Pologne Province Lublin
9%
Papouasie Nouvelle Guinée Province Manus
9%
Russie Okroug autonome Nénétsie
9%
Suisse Canton Obwalden
9%
Bolivie Département Potosí
9%
Burkina Faso Region Sahel
9%
Argentine Province Salta
9%
Argentine Province San Luis
9%
Vanuatu Province Sanma
9%
Saint Marin Municipalité San Marino
9%
Argentine Province Santa Fe
9%
Chine Province Shaanxi
9%
Chine Province Shanxi
9%
Argentine Province Tierra del Fuego
9%
Hongrie Comté Vas
9%
Irlande Ville-Comté Waterford
9%
Bénin Département Zou
9%
Suisse Canton Zug
9%
Turquie Province Adana
8%
Finlande Région Carélie du Nord
8%
Brésil Etat Ceará
8%
Thailande Province Chiang Mai
8%
Portugal District Coimbra
8%
Argentine Province Corrientes
8%
Brésil Etat Espírito Santo
8%
Afghanistan Province Ghor
8%
Brésil Etat Goiás
8%
Biélorussie Voblast Gomel
8%
Chine Province Hunan
8%
Croatie Comté Istrie
8%
Inde Territoire Jammu et Cachemire
8%
Indonésie Province Java ouest
8%
Afghanistan Province Kandahar
8%
Russie Republique Komi
8%
Turquie Province Konya
8%
Thailande Province Loei
8%
Îles Marshall Municipalité Majuro
8%
Suisse Canton Nidwalden
8%
Mexique Etat Nuevo León
8%
Russie Oblast Orenbourg
8%
Maurice Île Rodrigues
8%
Antigua et Barbuda Paroisse Sainte Marie
8%
Jamaique Paroisse Sainte Marie
8%
Japon Préfecture Saitama
8%
Brésil Etat Santa Catarina
8%
Cap Vert Municipalité Santa Catarina
8%
Russie Oblast Saratov
8%
Suisse Canton Schwyz
8%
Portugal District Setúbal
8%
Ukraine Oblast Soumy
8%
Mexique Etat Tabasco
8%
Estonie Comté Tartu
8%
Brésil Etat Tocantins
8%
Russie Oblast Tomsk
8%
Russie Oblast Tver
8%
Croatie Comté Zadar
8%
Inde Etat Andhra Pradesh
7%
Chine Province Anhui
7%
Chili Région Antofagasta
7%
Japon Préfecture Aomori
7%
Afghanistan Province Balkh
7%
République Tchèque Région Bohème Centrale
7%
Russie Republique Bouriatie
7%
Slovénie Ville Celje
7%
Togo Région Centrale
7%
Argentine Province Chubut
7%
Corée du Sud Province Daegu
7%
Irak Province Erbil
7%
Moldavie Région autonome Gagaouzie
7%
Chine Province Gansu
7%
Turquie Province Gaziantep
7%
Inde Etat Gujarat
7%
Chine Province Henan
7%
Afghanistan Province Herat
7%
Syrie Gouvernorat Homs
7%
Roumanie Comté Iași
7%
Ukraine Oblast Ivano-Frankivsk
7%
Indonésie Province Java est
7%
Russie Oblast Kemerovo
7%
Slovaquie Région Košice
7%
Afrique du Sud Province KwaZulu-Natal
7%
Monaco Quartier ordonnancé Larvotto
7%
Kenya Comté Mombasa
7%
République Tchèque Région Moravie du sud
7%
Argentine Province Neuquén
7%
Chypre District Nicosia
7%
Japon Préfecture Niigata
7%
Pologne Province Poméranie occidentale
7%
Mexique Etat San Luis Potosí
7%
Côte d'Ivoire Région San-Pédro
7%
Paraguay Département San Pedro
7%
Tunisie Gouvernorat Sousse
7%
Thailande Province Surin
7%
Mexique Etat Tamaulipas
7%
Inde Etat Tamil Nadu
7%
Suede Comté Uppsala
7%
Russie Oblast Vologda
7%
Myanmar Région Yangon
7%
Mexiqe Etat Aguascalientes
6%
Japon Préfecture Akita
6%
Roumanie Comté Alba
6%
Chili Région Atacama
6%
Slovénie Municipalité Bled
6%
Algérie Province Blida
6%
Nauru District Boe
6%
Colombie Département Bolívar
6%
Equateur Province Bolívar
6%
Venezuela Etat Bolívar
6%
Portugal District Bragança
6%
Bosnie-Herzégovine District Brčko
6%
Angola Province Cabinda
6%
Macédoine du Nord Municipalité Čair
6%
Afrique du Sud Province Cap Nord
6%
Finlande Région Carélie du sud
6%
Luxembourg Canton Clervaux
6%
Mexique Etat Coahuila
6%
Mexique Etat Durango
6%
Cameroun Région Grand Nord
6%
Biélorussie Voblast Grodno
6%
Bhoutan District Haa
6%
Chine Province Heilongjiang
6%
Pologne Province Holy Cross
6%
Argentine Province Jujuy
6%
Russie Republique Kabardino-Balkar
6%
Japon Préfecture Kagoshima
6%
Russie Oblast Kalouga
6%
Tunisie Gouvernorat Kef
6%
Russie Kraï Khabarovsk
6%
Irlande Comté Kilkenny
6%
Andorre Paroisse La Massana
6%
Monaco Quartier ordonnancé Les Moneghetti
6%
Russie Oblast Magadan
6%
Myanmar Région Mandalay
6%
Russie Republique Mordovie
6%
Ukraine Oblast Mykolaiv
6%
Japon Préfecture Nagano
6%
Norvège Région Nordland
6%
Brésil Etat Paraíba
6%
Russie Oblast Penza
6%
Argentine Province Río Negro
6%
Uruguay Département Río Negro
6%
Turquie Province Samsun
6%
Algérie Province Sétif
6%
Chine Province Shandong
6%
Indonésie Province Sulawesi du sud
6%
Algérie Province Tamanrasset
6%
Liechtenstein Municipalité Triesen
6%
Russie Oblast Tula
6%
Chili Région Valparaíso
6%
Biélorussie Voblast Vitebsk
6%
Russie Oblast Voronezh
6%
Danemark Région Zélande
6%
Brésil Etat Alagoas
5%
Comores Île Anjouan
5%
Algérie Province Annaba
5%
Inde Etat Arunachal Pradesh
5%
Bénin Département Atlantique
5%
Îles Marshall Municipalité Aur
5%
Serbie District Bačka
5%
Kazakhstan Ville à statut spécial Baikonur
5%
Portugal District Beja
5%
Tunisie Gouvernorat Béja
5%
Albanie Comté Berat
5%
Inde Etat Bihar
5%
Roumanie Comté Brașov
5%
Portugal District Castelo Branco
5%
Bolivie Département Cochabamba
5%
Mexique Etat Colima
5%
Perou Département Cusco
5%
Letonnie Ville Daugavpils
5%
Turquie Province Diyarbakır
5%
Irlande Comté Donegal
5%
Liechtenstein Municipalité Eschen
5%
Botswana Ville Francistown
5%
Japon Préfecture Gifu
5%
Mexique Etat Guerrero
5%
Slovénie Municipalité Ig
5%
Russie Oblast Irkutsk
5%
Russie Oblast Ivanovo
5%
Indonésie Province Java Central
5%
Taiwan Municipalité Kaohsiung
5%
Russie Republique Karachay-Tcherkessie
5%
Inde Etat Karnataka
5%
Îles Marshall Municipalité Kili | Bikini | Ejit
5%
Russie Oblast Kostroma
5%
Inde Territoire Ladakh
5%
Bénin Département Littoral
5%
Cameroun Région Littoral
5%
Guinée équaoriale Province Littoral
5%
Sénégal Région Louga
5%
Inde Etat Maharashtra
5%
Brésil Etat Maranhão
5%
Pologne Province Mazovie
5%
Palaos Etat Melekeok
5%
Venezuela Etat Mérida
5%
Mexique Etat Michoacán
5%
Îles Marshall Municipalité Mili
5%
Kosovo District Mitrovica
5%
Mexique Etat Morelos
5%
Inde Etat Nagaland
5%
Mexique Etat Nayarit
5%
Soudan Etat Nil bleu
5%
Andorre Paroisse Ordino
5%
Papouasie Nouvelle Guinée Province Oro
5%
Finlande Région Ostrobotnie
5%
Brésil Etat Pernambuco
5%
Hongrie Comté Pest
5%
Pologne Province Petite-Pologne
5%
Brésil Etat Piauí
5%
République Tchèque Région Plzeň
5%
Republique du Congo Département Pointe-Noire
5%
Russie Kraï Primorsky
5%
Chine Province Qinghai
5%
Brésil Etat Rondônia
5%
Ouzbékistan Région Samarcande
5%
Colombie Département San André, Providence et Santa Catalina
5%
République Dominicaine Province Santo Domingo
5%
Saint Marin Municipalité Serravalle
5%
Albanie Comté Shkodër
5%
Cambodge Province Siem Reap
5%
Inde Etat Sikkim
5%
Irlande Comté Sligo
5%
Russie Kraï Stavropol
5%
Indonésie Province Sulawesi Central
5%
Indonésie Province Sulawesi du nord
5%
Russie Oblast Sverdlovsk
5%
Thailande Province Tak
5%
Inde Etat Telangana
5%
Algérie Province Tizi Ouzou
5%
Mexique Etat Tlaxcala
5%
Algérie Province Tlemcen
5%
Ukraine Oblast Transcarpathie
5%
Kazakhstan Région Turkestan
5%
Albanie Comté Vlora
5%
Irlande Comté Wexford
5%
Luxembourg Canton Wiltz
5%
Mexique Etat Zacatecas
5%
Slovaquie Région Žilina
5%
Ethiopie Région Afar
4%
Norvège Région Agder
4%
Japon Préfecture Aichi
4%
Islande Municipalité Akureyri
4%
Jordanie Gouvernorat Aqaba
4%
Tanzanie Région Arusha
4%
Grèce Région Attica
4%
Kazakhstan Région Atyrau
4%
Portugal District Aveiro
4%
Afghanistan Province Badakhshan
4%
Australie Territoire Baie de Jervis
4%
Pakistan Province Balochistan
4%
Liechtenstein Municipalité Balzers
4%
Slovaquie Région Banská Bystrica
4%
Algérie Province Béjaïa
4%
Angola Province Benguela
4%
Algérie Province Biskra
4%
Macédoine du Nord Municipalité Bitola
4%
Tunisie Gouvernorat Bizerte
4%
Slovénie Municipalité Bohinj
4%
Algérie Province Bordj Baji Mokhtar
4%
Zimbabwe Province Bulawayo
4%
Bulgarie Province Burgas
4%
Perou Ville Callao
4%
Andorre Paroisse Canillo
4%
Afrique du Sud Province Cap Est
4%
Afrique du Sud Province Cap Ouest
4%
Argentine Province Catamarca
4%
Colombie Département Cauca
4%
Argentine Province Chaco
4%
Inde Territoire Chandigarh
4%
Ukraine Oblast Chernihiv
4%
Thailande Province Chiang Rai
4%
Algérie Province Chlef
4%
Micronésie Etat Chuuk
4%
Russie Republique Chuvashia
4%
Honduras Département Colón
4%
Panama Province Colón
4%
Paraguay Département Concepción
4%
Corée du Sud Province Daejeon
4%
Danemark Région Danemark central
4%
Myanmar Zone Danu
4%
Luxembourg Canton Diekirch
4%
Bulgarie Province Dobrich
4%
Luxembourg Canton Echternach
4%
Turquie Province Edirne
4%
Nigeria Etat Edo
4%
Japon Préfecture Ehime
4%
Albanie Comté Elbasan
4%
Argentine Province Entre Ríos
4%
République Démocratique du Congo Province Équateur
4%
Andorre Paroisse Escaldes-Engordany
4%
Afrique du Sud Province Etat Libre
4%
Portugal District Évora
4%
Ouzbékistan Région Fergana
4%
Kosovo District Ferizaj
4%
Albanie Comté Fier
4%
Uruguay Département Flores
4%
Argentine Province Formosa
4%
Chine Province Fujian
4%
Japon Préfecture Fukui
4%
Azerbaïdjan Ville Ganja
4%
Afrique du Sud Province Gauteng
4%
Kosovo District Gjilan
4%
Albanie Comté Gjirokastër
4%
Cuba Province Granma
4%
Luxembourg Canton Grevenmacher
4%
Mexique Etat Guanajuato
4%
Chine Région Guangxi
4%
Corée du Sud Province Gwangju
4%
Syrie Gouvernorat Hama
4%
Turquie Province Hatay
4%
Pologne Province Haute pologne
4%
Estonie Comté Hiiu
4%
Inde Etat Himachal Pradesh
4%
Angola Province Huambo
4%
Japon Préfecture Hyōgo
4%
Russie Okroug autonome Iamalo-Nénétsie
4%
Japon Préfecture Ibaraki
4%
Perou Département Ica
4%
Syrie Gouvernorat Idlib
4%
Norvège Région Innlandet
4%
Japon Préfecture Ishikawa
4%
Japon Préfecture Iwate
4%
Algérie Province Jijel
4%
Malaisie Etat Johor
4%
Suede Comté Jönköping
4%
Ukraine Oblast Jytomyr
4%
Japon Préfecture Kagawa
4%
Tunisie Gouvernorat Kairouan
4%
Indonésie Province Kalimantan Central
4%
Indonésie Province Kalimantan du nord
4%
Indonésie Province Kalimantan du sud
4%
Indonésie Province Kalimantan est
4%
Indonésie Province Kalimantan ouest
4%
Suede Comté Kalmar
4%
Japon Préfecture Kanagawa
4%
Slovénie Municipalité Kanal
4%
Jordanie Gouvernorat Karak
4%
Turquie Province Kars
4%
Irlande Comté Kerry
4%
Russie Republique Khakassia
4%
Ukraine Oblast Khmelnytskyi
4%
Afghanistan Province Khost
4%
Bangladesh Division Khulna
4%
Japon Préfecture Kōchi
4%
Palaos Etat Koror
4%
Montenegro Municipalité Kotor
4%
Slovénie Ville Kranj
4%
Japon Préfecture Kumamoto
4%
Estonie Comté Lääne
4%
Cuba Province La Habana
4%
Portugal District Leiria
4%
République Tchèque Région Libérec
4%
Chypre District Limassol
4%
Costa Rica Province Limón
4%
Afrique du Sud Province Limpopo
4%
Pologne Province Lubusz
4%
Egypte Gouvernorat Luxor
4%
Inde Etat Madhya Pradesh
4%
Chili Région Magallanes
4%
Inde Etat Manipur
4%
Russie Republique Mari El
4%
Liechtenstein Municipalité Mauren
4%
Inde Etat Meghalaya
4%
Egypte Gouvernorat Mer Rouge
4%
Soudan Etat Mer Rouge
4%
Turquie Province Mersin
4%
Argentine Province Misiones
4%
Paraguay Département Misiones
4%
Libye District Misrata
4%
Japon Préfecture Miyagi
4%
Japon Préfecture Miyazaki
4%
Biélorussie Voblast Mogilev
4%
Tunisie Gouvernorat Monastir
4%
République Tchèque Région Moravie-Silésie
4%
Algérie Province Naâma
4%
Azerbaïdjan République Nakhitchevan
4%
Ouzbékistan Région Namangan
4%
Îles Marshall Municipalité Namu
4%
Equateur Province Napo
4%
Taiwan Municipalité New Taipei
4%
Russie Oblast Nijny Novgorod
4%
Soudan Etat Nil Blanc
4%
Chine Région Ningxia
4%
Slovaquie Région Nitra
4%
Suede Comté Norrbotten
4%
Slovénie Ville Novo Mesto
4%
Inde Etat Odisha
4%
Macédoine du Nord Municipalité Ohrid
4%
Japon Préfecture Ōita
4%
Japon Préfecture Okayama
4%
République Tchèque Région Olomouc
4%
Pologne Province Opole
4%
Suede Comté Örebro
4%
Ethiopie Région Oromia
4%
Bolivie Département Oruro
4%
Russie Oblast Oryol
4%
Kyrgyzstan Ville Osh
4%
Kyrgyzstan Région Osh
4%
Croatie Comté Osijek-Baranja
4%
Finlande Région Ostrobotnie centrale
4%
Finlande Région Ostrobotnie du Nord
4%
Finlande Région Ostrobotnie du Sud
4%
Algérie Province Oum El Bouaghi
4%
Lituanie Comté Panevėžys
4%
Afghanistan Province Panjshir
4%
Myanmar Zone Pa'O
4%
Chypre District Paphos
4%
Estonie Comté Pärnu
4%
Bhoutan District Paro
4%
Kazakhstan Région Pavlodar
4%
Uruguay Département Paysandú
4%
Bulgarie Province Pernik
4%
Bénin Département Plateau
4%
Nigeria Etat Plateau
4%
Bulgarie Province Pleven
4%
Micronésie Etat Pohnpei
4%
Ukraine Oblast Poltava
4%
Slovaquie Région Prešov
4%
Kosovo District Prizren
4%
Somalie Etat Puntland
4%
Iran Province Qom
4%
Mexique Etat Querétaro
4%
Syrie Gouvernorat Raqqa
4%
Monaco Secteur réservé Ravin de Sainte-Dévote
4%
Bulgarie Province Razgrad
4%
Luxembourg Canton Remich
4%
Ukraine Oblast Rivne
4%
Turquie Province Rize
4%
Brésil Etatte Roraima
4%
Russie Oblast Ryazan
4%
Japon Préfecture Saga
4%
Algérie Province Saïda
4%
Barbade Paroisse Saint James
4%
Jamaique Paroisse Saint James
4%
Barbade Paroisse Saint Joseph
4%
Dominique Paroisse Saint Joseph
4%
Dominique Paroisse Saint Mark
4%
Barbade Paroisse Saint Michel
4%
Barbade Paroisse Saint Thomas
4%
Jamaique Paroisse Saint Thomas
4%
Uruguay Département Salto
4%
Republique du Congo Département Sangha
4%
El Salvador Département San Miguel
4%
Portugal District Santarém
4%
Argentine Province Santiago del Estero
4%
Madagascar Région Sava
4%
Brésil Etat Sergipe
4%
Japon Préfecture Shiga
4%
Japon Préfecture Shimane
4%
Japon Préfecture Shizuoka
4%
Bulgarie Province Shumen
4%
Croatie Comté Šibenik-Knin
4%
Pakistan Province Sindh
4%
Bulgarie Province Sliven
4%
Bulgarie Province Stara Zagora
4%
Pologne Province Subcarpathie
4%
Indonésie Province Sulawesi du sud-est
4%
Indonésie Province Sulawesi ouest
4%
Indonésie Province Sumatra du nord
4%
Indonésie Province Sumatra du sud
4%
Russie Oblast Tambov
4%
Azerbaïdjan Raion Tartar
4%
Tunisie Gouvernorat Tataouine
4%
Iran Province Tehran
4%
Mozambique Province Tete
4%
Macédoine du Nord Municipalité Tetovo
4%
Bhoutan District Thimpou
4%
Ethiopie Région Tigray
4%
Algérie Province Tindouf
4%
Russie Oblast Tioumen
4%
Algérie Province Tipaza
4%
Japon Préfecture Tochigi
4%
Japon Préfecture Tokushima
4%
Japon Préfecture Tottori
4%
Japon Préfecture Toyama
4%
Slovaquie Région Trenčín
4%
Liechtenstein Municipalité Triesenberg
4%
Inde Etat Tripura
4%
Slovaquie Région Trnava
4%
Argentine Province Tucumán
4%
Thailande Province Udon Thani
4%
Inde Etat Uttarakhand
4%
Bulgarie Province Veliko Tarnovo
4%
Letonnie Ville Ventspils
4%
Letonnie Municipalité Ventspils
4%
Norvège Région Vestfold og Telemark
4%
Portugal District Viana do Castelo
4%
Norvège Région Viken
4%
Portugal District Vila Real
4%
Portugal District Viseu
4%
Ukraine Oblast Volhynie
4%
Japon Préfecture Wakayama
4%
Japon Préfecture Yamagata
4%
Japon Préfecture Yamaguchi
4%
Bulgarie Province Yambol
4%
Russie Oblast Yaroslavl
4%
République Tchèque Région Zlín
4%
Indonésie Province Aceh
3%
Georgie République Adjarie
3%
Algérie Province Adrar
3%
Mauritanie Région Adrar
3%
Niger Région Agadez
3%
Maurice Île Agaléga
3%
Algérie Province Aïn Témouchent
3%
Liban Gouvernorat Akkar
3%
Kazakhstan Région Akmola
3%
Kazakhstan Région Aktobe
3%
Lituanie Comté Alytus
3%
Ethiopie Région Amhara
3%
Ouzbékistan Région Andijan
3%
Roumanie Comté Arad
3%
Perou Département Arequipa
3%
Inde Etat Assam
3%
Afghanistan Province Badghis
3%
Afghanistan Province Baghlan
3%
Turkménistan Région Balkan
3%
Moldavie Municipalité Bălți
3%
Afghanistan Province Bamyan
3%
Serbie District Banat Central
3%
Russie Republique Bashkortostan
3%
Irak Province Basra
3%
Kyrgyzstan Région Batken
3%
Algérie Province Batna
3%
Cambodge Province Battambang
3%
Algérie Province Béchar
3%
Hongrie Comté Békés
3%
Moldavie Municipalité Bender
3%
Algérie Province Béni Abbès
3%
Chili Région Biobío
3%
Bulgarie Province Blagoevgrad
3%
Cap Vert Municipalité Boa Vista
3%
Roumanie Comté Botoșani
3%
Algérie Province Bouïra
3%
Algérie Province Boumerdès
3%
Ouzbékistan Région Bukhara
3%
Mozambique Province Cabo Delgado
3%
Cuba Province Camagüey
3%
Turquie Province Çanakkale
3%
Irlande Comté Cavan
3%
Montenegro Municipalité Cetinje
3%
Trinité-et-Tobago Municipalité Chaguanas
3%
Russie Oblast Chelyabinsk
3%
Inde Etat Chhattisgarh
3%
Irlande Comté Clare
3%
Philippines Région Cordillère
3%
Egypte Gouvernorat Damietta
3%
Panama Province Darién
3%
Turkménistan Région Daşoguz
3%
Philippines Région Davao
3%
Afghanistan Province Daykundi
3%
Syrie Gouvernorat Deir ez-Zor
3%
Nigeria Etat Delta
3%
Albanie Comté Dibër
3%
Ethiopie Ville Dire Dawa
3%
Algérie Province Djanet
3%
Algérie Province Djelfa
3%
Algérie Province El Menia
3%
Algérie Province El M'Ghair
3%
Algérie Province El Oued
3%
Turquie Province Eskişehir
3%
Afghanistan Province Farah
3%
Saint Marin Municipalité Fiorentino
3%
Bulgarie Province Gabrovo
3%
Roumanie Comté Galați
3%
Liechtenstein Municipalité Gamprin
3%
Algérie Province Ghardaïa
3%
Afghanistan Province Ghazni
3%
Kosovo District Gjakova
3%
Slovénie Municipalité Grad
3%
Îles Salomon Province Guadalcanal
3%
Algérie Province Guelma
3%
Chine Province Guizhou
3%
Japon Préfecture Gunma
3%
Hongrie Comté Győr-Moson-Sopron
3%
Inde Etat Haryana
3%
Bulgarie Province Haskovo
3%
Afghanistan Province Helmand
3%
Montenegro Municipalité Herceg Novi
3%
Algérie Province Illizi
3%
Algérie Province In Guezzam
3%
Algérie Province In Salah
3%
Iran Province Isfahan
3%
Turquie Province Isparta
3%
Koweit Province Jahra
3%
Suede Comté Jämtland
3%
Chine Province Jilin
3%
Afghanistan Province Jowzjan
3%
Letonnie Ville Jūrmala
3%
Corée du Nord Ville à niveau spécial Kaesong
3%
Afghanistan Province Kapisa
3%
Kazakhstan Région Karagandy
3%
Ouzbékistan République Karakalpakstan
3%
Bulgarie Province Kardzhali
3%
Croatie Comté Karlovac
3%
République Tchèque Région Karlovy Vary
3%
Myanmar Etat Kayin
3%
Turquie Province Kayseri
3%
Russie Okroug autonome Khantys-Mansis
3%
Algérie Province Khenchela
3%
Mali Région Kidal
3%
Kenya Comté Kisumu
3%
Lituanie Comté Klaipėda
3%
Turquie Province Kocaeli
3%
Afghanistan Province Kondoz
3%
Islande Municipalité Kópavogur
3%
Micronésie Etat Kosrae
3%
Thailande Province Krabi
3%
Suede Comté Kronoberg
3%
Albanie Comté Kukës
3%
Macédoine du Nord Municipalité Kumanovo
3%
Afghanistan Province Kunar
3%
Bulgarie Province Kyustendil
3%
Kazakhstan Région Kyzylorda
3%
Afghanistan Province Laghman
3%
Algérie Province Laghouat
3%
Inde Territoire Lakshadweep
3%
Chypre District Larnaca
3%
Syrie Gouvernorat Latakia
3%
Irlande Comté Leitrim
3%
Albanie Comté Lezha
3%
Chine Province Liaoning
3%
Letonnie Ville Liepāja
3%
Croatie Comté Lika-Senj
3%
Afghanistan Province Logar
3%
Bahamas District Long Island
3%
Irlande Comté Louth
3%
Bulgarie Province Lovech
3%
Malaisie Etat Malacca
3%
Angola Province Malanje
3%
Kazakhstan Région Mangystau
3%
Lituanie Comté Marijampolė
3%
Togo Région Maritime
3%
Algérie Province Mascara
3%
Irlande Comté Meath
3%
Algérie Province Médéa
3%
Luxembourg Canton Mersch
3%
Inde Etat Mizoram
3%
Comores Île Mohéli
3%
Bénin Département Mono
3%
Liban Gouvernorat Mont Liban
3%
Algérie Province Mostaganem
3%
Afrique du Sud Province Mpumalanga
3%
Bahreïn Province Muharraq
3%
Tanzanie Région Mwanza
3%
Angola Province Namibe
3%
Corée du Nord Ville spéciale Nampo
3%
Mozambique Province Nampula
3%
Afghanistan Province Nangarhar
3%
Kyrgyzstan Région Naryn
3%
Turquie Province Nevşehir
3%
Bahamas District New Providence
3%
Burundi Province Ngozi
3%
Afghanistan Province Nimruz
3%
Mauritanie Région Nouakchott-Nord
3%
Mauritanie Région Nouakchott-Ouest
3%
Papouasie Nouvelle Guinée Province Nouvelle Irlande
3%
Afghanistan Province Nuristan
3%
Chili Région O'Higgins
3%
Turquie Province Ordu
3%
Suede Comté Östergötland
3%
Algérie Province Ouargla
3%
Algérie Province Ouled Djellal
3%
Afghanistan Province Paktia
3%
Afghanistan Province Paktika
3%
Indonésie Province Papouasie ouest
3%
Afghanistan Province Parwan
3%
Bulgarie Province Pazardzhik
3%
Slovénie Municipalité Piran
3%
Serbie District Pirot
3%
Perou Département Piura
3%
Pologne Province Podlaskie
3%
Portugal District Portalegre
3%
Népal Province Province No. 1
3%
Slovénie Ville Ptuj
3%
Bhoutan District Punakha
3%
Costa Rica Province Puntarenas
3%
Algérie Province Relizane
3%
Bulgarie Province Ruse
3%
Slovénie Municipalité Ruše
3%
Malaisie Etat Sabah
3%
Barbade Paroisse Saint André
3%
Dominique Paroisse Saint André
3%
Grenade Paroisse Saint André
3%
Jamaique Paroisse Saint André
3%
Jamaique Paroisse Sainte Anne
3%
Dominique Paroisse Saint Patrick
3%
Grenade Paroisse Saint Patrick
3%
Saint Vincent et les Grenadines Paroisse Saint Patrick
3%
Afghanistan Province Samangan
3%
Turquie Province Şanlıurfa
3%
Cuba Province Santiago de Cuba
3%
Andorre Paroisse Sant Julià de Lòria
3%
Afghanistan Province Sar-e Pol
3%
Togo Région Savanes
3%
Liechtenstein Municipalité Schellenberg
3%
Emirats Arabes Unis Emirat Sharjah
3%
Lituanie Comté Šiauliai
3%
Bulgarie Province Silistra
3%
Algérie Province Skikda
3%
Bulgarie Province Smolyan
3%
Suede Comté Södermanland
3%
Bulgarie Province Sofia Ville
3%
Macédoine du Nord Municipalité Štip
3%
Roumanie Comté Suceava
3%
Indonésie Province Sumatra ouest
3%
Slovénie Municipalité Tabor
3%
Tanzanie Région Tabora
3%
Taiwan Municipalité Taichung
3%
Taiwan Municipalité Tainan
3%
Afghanistan Province Takhar
3%
Tanzanie Région Tanga
3%
République Démocratique du Congo Province Tanganyika
3%
Bulgarie Province Targovishte
3%
Bolivie Département Tarija
3%
Syrie Gouvernorat Tartus
3%
Algérie Province Tébessa
3%
Turquie Province Tekirdağ
3%
Ukraine Oblast Ternopil
3%
Algérie Province Timimoun
3%
Irlande Comté Tipperary
3%
Algérie Province Tissemsilt
3%
Algérie Province Touggourt
3%
Norvège Région Trøndelag
3%
Roumanie Comté Tulcea
3%
Kenya Comté Turkana
3%
Nauru District Uaboe
3%
Russie Republique Udmurtia
3%
Corée du Sud Province Ulsan
3%
Croatie Comté Varaždin
3%
Suede Comté Västerbotten
3%
Suede Comté Västra Götaland
3%
Norvège Région Vestland
3%
Luxembourg Canton Vianden
3%
Bulgarie Province Vidin
3%
Ghana Région Volta
3%
Bulgarie Province Vratsa
3%
Afghanistan Province Wardak
3%
Irlande Comté Westmeath
3%
Japon Préfecture Yamanashi
3%
Micronésie Etat Yap
3%
Afghanistan Province Zabul
3%
Angola Province Zaire
3%
Chine Province Zhejiang
3%
Bahamas District Abaco central
2%
Bahamas District Abaco Nord
2%
Bahamas District Abaco Sud
2%
Azerbaïdjan Raion Absheron
2%
Bahamas District Acklins
2%
Cameroun Région Adamawa
2%
Nigeria Etat Adamawa
2%
Turquie Province Adıyaman
2%
Macédoine du Nord Municipalité Aerodrom
2%
Turquie Province Afyonkarahisar
2%
Azerbaïdjan Raion Agdash
2%
Azerbaïdjan Raion Aghdam
2%
Azerbaïdjan Raion Aghjabadi
2%
Azerbaïdjan Raion Aghstafa
2%
Azerbaïdjan Raion Agsu
2%
Algérie Province Aïn Defla
2%
Islande Municipalité Akranes
2%
Bénin Département Alibori
2%
Qatar Municipalité Al Rayyan
2%
Paraguay Département Alto Paraguay
2%
Paraguay Département Alto Paraná
2%
Inde Territoire Andaman et Nicobar Islands
2%
Bahamas District Andros central
2%
Bahamas District Andros Nord
2%
Bahamas District Andros Sud
2%
Guinée équaoriale Province Annobón
2%
Colombie Département Antioquia
2%
Arménie Province Aragatsotn
2%
Arménie Province Ararat
2%
Colombie Département Arauca
2%
Chili Région Araucanía
2%
Roumanie Comté Argeș
2%
Tunisie Gouvernorat Ariana
2%
Arménie Province Armavir
2%
Uruguay Département Artigas
2%
Turquie Province Artvin
2%
Saudi Arabia Région Asir
2%
Azerbaïdjan Raion Astara
2%
Egypte Gouvernorat Aswan
2%
Bénin Département Atakora
2%
Turquie Province Aydın
2%
Roumanie Comté Bacău
2%
Serbie District Bačka de l'ouest
2%
Serbie District Bačka du nord
2%
Hongrie Comté Bács-Kiskun
2%
Azerbaïdjan Raion Balakan
2%
Turquie Province Balıkesir
2%
Serbie District Banat du nord
2%
Serbie District Banat du sud
2%
Cambodge Province Banteay Meanchey
2%
Hongrie Comté Baranya
2%
Azerbaïdjan Raion Barda
2%
Bangladesh Division Barisal
2%
Brunei Darussalam District Belait
2%
Angola Province Bengo
2%
Liban Gouvernorat Beqaa
2%
Côte d'Ivoire Région Béré
2%
Azerbaïdjan Raion Beylagan
2%
Roumanie Comté Bihor
2%
Montenegro Municipalité Bijelo Polje
2%
Azerbaïdjan Raion Biləsuvar
2%
Bahamas District Bimini
2%
Turquie Province Bingöl
2%
Roumanie Comté Bistrița-Năsăud
2%
Turquie Province Bitlis
2%
Croatie Comté Bjelovar-Bilogora
2%
Suede Comté Blekinge
2%
Turquie Province Bolu
2%
Paraguay Département Boquerón
2%
Saint Marin Municipalité Borgo Maggiore
2%
Bénin Département Borgou
2%
Hongrie Comté Borsod-Abaúj-Zemplén
2%
Burkina Faso Région Boucle du Mouhoun
2%
Roumanie Comté Brăila
2%
Cap Vert Municipalité Brava
2%
Croatie Comté Brod-Posavina
2%
Burundi Province Bubanza
2%
Burundi Province Bujumbura Mairie
2%
Burundi Province Bujumbura Rural
2%
Bhutan District Bumthang
2%
Thailande Province Buriram
2%
Burundi Province Bururi
2%
Roumanie Comté Buzău
2%
Paraguay Département Caazapá
2%
Guinée-Bissau Région Cacheu
2%
Moldavie District Cahul
2%
Perou Département Cajamarca
2%
Uruguay Département Canelones
2%
Paraguay Département Canindeyú
2%
Burundi Province Cankuzo
2%
Venezuela Etat Carabobo
2%
Irlande Comté Carlow
2%
Costa Rica Province Cartago
2%
Seychelles District Cascade
2%
Burkina Faso Région Cascades
2%
Bélize District Cayo
2%
Taiwan Comté Changhua
2%
Saint Vincent et les Grenadines Paroisse Charlotte
2%
Ukraine Oblast Cherkasy
2%
Ukraine Oblast Chernivtsi
2%
Bhoutan District Chhukha
2%
Taiwan Ville Chiayi
2%
Taiwan Comté Chiayi
2%
Equateur Province Chimborazo
2%
Botswana District Chobe
2%
Sainte Lucie District Choiseul
2%
Îles Salomon Province Choiseul
2%
Azerbaïdjan Raion Choucha
2%
Barbade Paroisse Christ Church
2%
Bolivie Département Chuquisaca
2%
Kyrgyzstan Région Chuy
2%
Burundi Province Cibitoke
2%
Cuba Province Cienfuegos
2%
Bénin Département Collines
2%
Uruguay Département Colonia
2%
Paraguay Département Cordillera
2%
Bélize District Corozal
2%
Turquie Province Çorum
2%
Equateur Province Cotopaxi
2%
Hongrie Comté Csongrád-Csanád
2%
Angola Province Cuando Cubango
2%
Angola Province Cuanza Norte
2%
Angola Province Cuanza Sul
2%
Colombie Département Cundinamarca
2%
Angola Province Cunene
2%
Bhoutan District Dagana
2%
Roumanie Comté Dâmbovița
2%
Montenegro Municipalité Danilovgrad
2%
Soudan Etat Darfour Sud
2%
Soudan Etat Darfur Central
2%
Soudan Etat Darfur Nord
2%
Azerbaïdjan Raion Dashkasan
2%
Macédoine du Nord Municipalité Debar
2%
Macédoine du Nord Municipalité Delčevo
2%
Macédoine du Nord Municipalité Demir Kapija
2%
Turquie Province Denizli
2%
Sainte Lucie District Dennery
2%
Venezuela Dépendance Dépendances fédérales
2%
Libye District Derna
2%
Yémen Province Dhale
2%
Slovénie Municipalité Domžale
2%
Bénin Département Donga
2%
Irlande Comté Dún Laoghaire–Rathdown
2%
Uruguay Département Durazno
2%
Turquie Province Düzce
2%
Turquie Province Elazığ
2%
Algérie Province El Bayadh
2%
Bahamas District Eleuthera centrale
2%
Bahamas District Eleuthera Sud
2%
Algérie Province El Taref
2%
Nigeria Etat Enugu
2%
Turquie Province Erzurum
2%
Gabon Province Estuaire
2%
Bahamas District Exuma
2%
Chypre District Famagusta
2%
Afghanistan Province Faryab
2%
Hongrie Comté Fejér
2%
Irlande Comté Fingal
2%
Emirats Arabes Unis Emirat Fujairah
2%
Azerbaïdjan Raion Fuzuli
2%
Tunisie Gouvernorat Gabès
2%
Azerbaïdjan Raion Gadabay
2%
Corée du Sud Province Gangwon
2%
Bhoutan District Gasa
2%
Arménie Province Gegharkunik
2%
Botswana District Ghanzi
2%
Libye District Ghat
2%
Pakistan Territoire Gilgit-Baltistan
2%
Turquie Province Giresun
2%
Roumanie Comté Giurgiu
2%
Egypte Gouvernorat Giza
2%
Azerbaïdjan Raion Goboustan
2%
Nigeria Etat Gombe
2%
Azerbaïdjan Raion Goranboy
2%
Tajikistan Région Autonome Gorno-Badakhshan
2%
Indonésie Province Gorontalo
2%
Macédoine du Nord Municipalité Gostivar
2%
Azerbaïdjan Raion Goychay
2%
Azerbaïdjan Raion Goygol
2%
Bahamas District Grand Bahama Est
2%
Libéria Comté Grand Bassa
2%
Bahamas District Grand Cay
2%
Bahamas District Green Turtle Cay
2%
Sainte Lucie District Gros Islet
2%
Paraguay Département Guairá
2%
Portugal District Guarda
2%
Equateur Province Guayas
2%
Tchad Région Guéra
2%
Ouganda District Gulu
2%
Turquie Province Gümüşhane
2%
Azerbaïdjan Raion Hacıqabul
2%
Islande Municipalité Hafnarfjörður
2%
Saudi Arabia Région Ha'il
2%
Hongrie Comté Hajdú-Bihar
2%
Turquie Province Hakkâri
2%
Suede Comté Halland
2%
Ghana Région Haut-Est
2%
Papouasie Nouvelle Guinée Province Hautes Terres de l'Est
2%
Papouasie Nouvelle Guinée Province Hautes Terres de l'Ouest
2%
Papouasie Nouvelle Guinée Province Hautes Terres du Sud
2%
République Démocratique du Congo Province Haut-Katanga
2%
Soudan du Sud Etat Haut-Nil
2%
Gabon Province Haut-Ogooué
2%
Burkina Faso Région Hauts-Bassins
2%
Papouasie Nouvelle Guinée Province Hela
2%
Hongrie Comté Heves
2%
Ouganda District Hoima
2%
Cuba Province Holguín
2%
Bahamas District Hope Town
2%
République Tchèque Région Hradec Králové
2%
Taiwan Ville Hsinchu
2%
Taiwan Comté Hsinchu
2%
Taiwan Comté Hualien
2%
Angola Province Huíla
2%
Colombie Département Huila
2%
Roumanie Comté Hunedoara
2%
Roumanie Comté Ialomița
2%
Slovénie Municipalité Idrija
2%
Cuba Municipalité Île de la Juventud
2%
Bahamas District Île du port
2%
Bahamas District Îles Berry
2%
Seychelles District Îles extérieures
2%
Indonésie Province Îles Riau
2%
Georgie Région Imereti
2%
Azerbaïdjan Raion Imishli
2%
Nigeria Etat Imo
2%
Bahamas District Inagua
2%
Mozambique Province Inhambane
2%
Egypte Gouvernorat Ismailia
2%
Azerbaïdjan Raion Ismayilli
2%
Paraguay Département Itapúa
2%
Azerbaïdjan Raion Jabrayil
2%
Kyrgyzstan Région Jalal-Abad
2%
Azerbaïdjan Raion Jalilabad
2%
Indonésie Province Jambi
2%
Hongrie Comté Jász-Nagykun-Szolnok
2%
Slovénie Municipalité Jesenice
2%
Inde Etat Jharkhand
2%
Chine Province Jiangsu
2%
Chine Province Jiangxi
2%
Ouganda District Jinja
2%
Ouzbékistan Région Jizzakh
2%
Somalie Etat Jubaland
2%
Botswana Ville Jwaneng
2%
Nigeria Etat Kaduna
2%
Turquie Province Kahramanmaraş
2%
Finlande Région Kainuu
2%
Georgie Région Kakheti
2%
Thailande Province Kalasin
2%
Azerbaïdjan Raion Kalbajar
2%
Ouganda District Kaliro
2%
Russie Republique Kalmykia
2%
Slovénie Municipalité Kamnik
2%
Cambodge Province Kampong Cham
2%
Cambodge Province Kampong Chhnang
2%
Cambodge Province Kampong Speu
2%
Cambodge Province Kampong Thom
2%
Cambodge Province Kampot
2%
Cambodge Province Kandal
2%
Finlande Région Kanta-Häme
2%
Turquie Province Karabük
2%
Turquie Province Karaman
2%
Burundi Province Karuzi
2%
Turquie Province Kastamonu
2%
Burundi Province Kayanza
2%
Mali Région Kayes
2%
Taiwan Ville Keelung
2%
Letonnie Municipalité Ķekava
2%
République Centrafricaine Préfecture Kémo
2%
Cambodge Province Kep
2%
Botswana District Kgalagadi
2%
Botswana District Kgatleng
2%
Azerbaïdjan Raion Khachmaz
2%
Azerbaïdjan Ville Khankendi
2%
Azerbaïdjan Raion Khizi
2%
Azerbaïdjan Raion Khojaly
2%
Azerbaïdjan Raion Khojavend
2%
Thailande Province Khon Kaen
2%
Pakistan Province Khyber Pakhtunkhwa
2%
Kenya Comté Kiambu
2%
Macédoine du Nord Municipalité Kičevo
2%
Irlande Comté Kildare
2%
Tanzanie Région Kilimanjaro
2%
Turquie Province Kilis
2%
Taiwan Comté Kinmen
2%
Turquie Province Kırıkkale
2%
Turquie Province Kırklareli
2%
Irak Province Kirkuk
2%
Turquie Province Kırşehir
2%
Burundi Province Kirundo
2%
Slovénie Municipalité Kobarid
2%
Cambodge Province Koh Kong
2%
Hongrie Comté Komárom-Esztergom
2%
Slovénie Ville Koper
2%
Croatie Comté Koprivnica-Križevci
2%
Albanie Comté Korça
2%
Kazakhstan Région Kostanay
2%
Arménie Province Kotayk
2%
Bénin Département Kouffo
2%
Croatie Comté Krapina-Zagorje
2%
Cambodge Province Kratié
2%
Macédoine du Nord Municipalité Kriva Palanka
2%
Azerbaïdjan Raion Kurdamir
2%
Georgie Région Kvemo Kartli
2%
Botswana District Kweneng
2%
Chypre District Kyrenia
2%
Azerbaïdjan Raion Lachin
2%
Soudan du Sud Etat Lacs
2%
Seychelles District La Digue et les îles intérieures
2%
Îles Marshall Municipalité Lae
2%
Colombie Département La Guajira
2%
Thailande Province Lampang
2%
Azerbaïdjan Ville Lankaran
2%
Azerbaïdjan Raion Lankaran
2%
Irlande Comté Laois
2%
Timor Oriental Municipalité Lautém
2%
Uruguay Département Lavalleja
2%
Turkménistan Région Lebap
2%
Azerbaïdjan Raion Lerik
2%
Bhoutan District Lhuentse
2%
Bahamas District L'île déchiquetée
2%
Bahamas District L'île de Moore
2%
Bahamas District L'île tordue
2%
Botswana Ville Lobatse
2%
Irlande Comté Longford
2%
Perou Département Loreto
2%
Arménie Province Lori
2%
Chili Région Los Lagos
2%
Angola Province Lunda Norte
2%
Angola Province Lunda Sul
2%
Letonnie Municipalité Madona
2%
Cap Vert Municipalité Maio
2%
Burundi Province Makamba
2%
Indonésie Province Maluku
2%
Indonésie Province Maluku du nord
2%
Bahamas District Mangrove Cay
2%
Mozambique Province Manica
2%
Zimbabwe Province Manicaland
2%
Roumanie Comté Maramureș
2%
Turquie Province Mardin
2%
Suriname District Marowijne
2%
Azerbaïdjan Raion Masally
2%
Zimbabwe Province Mashonaland Centre
2%
Zimbabwe Province Mashonaland Est
2%
Zimbabwe Province Mashonaland Ouest
2%
Bahamas District Mayaguana
2%
Iran Province Mazandaran
2%
Tanzanie Région Mbeya
2%
Croatie Comté Međimurje
2%
Roumanie Comté Mehedinți
2%
Colombie Département Meta
2%
Mexique District Mexico Ville
2%
Zimbabwe Province Midlands
2%
Azerbaïdjan Ville Mingachevir
2%
Venezuela Etat Miranda
2%
Cambodge Province Mondulkiri
2%
Bhoutan District Mongar
2%
Mali Région Mopti
2%
Serbie District Moravica
2%
Cap Vert Municipalité Mosteiros
2%
Angola Province Moxico
2%
Gabon Province Moyen-Ogooué
2%
Algérie Province M'Sila
2%
Tanzanie Région Mtwara
2%
Ouganda District Mukono
2%
Burundi Province Muramvya
2%
Roumanie Comté Mureș
2%
Oman Province Musandam
2%
Burundi Province Muyinga
2%
Burundi Province Mwaro
2%
Bangladesh Division Mymensingh
2%
Tunisie Gouvernorat Nabeul
2%
Azerbaïdjan Ville Naftalan
2%
Irak Province Najaf
2%
Thailande Province Nakhon Ratchasima
2%
Kenya Comté Nakuru
2%
Tuvalu Île Nanumanga
2%
Tuvalu Île Nanumea
2%
Roumanie Comté Neamț
2%
Ouganda District Nebbi
2%
Paraguay Département Ñeembucú
2%
Azerbaïdjan Raion Neftchala
2%
Macédoine du Nord Municipalité Negotino
2%
Egypte Gouvernorat New Valley
2%
Gabon Province Ngounié
2%
Montenegro Municipalité Nikšić
2%
Serbie District Nišava
2%
Tonga Division Niua
2%
Tuvalu Île Niutao
2%
Hongrie Comté Nógrád
2%
Thailande Province Nong Bua Lamphu
2%
Bahamas District Nord Eleuthéra
2%
Egypte Gouvernorat Nord Sinaï
2%
Mauritanie Région Nouakchott-Sud
2%
Papouasie Nouvelle Guinée Province Nouvelle-Bretagne occidentale
2%
Papouasie Nouvelle Guinée Province Nouvelle-Bretagne orientale
2%
Slovénie Ville Nova Gorica
2%
Venezuela Etat Nueva Esparta
2%
Tuvalu Île Nui
2%
Tuvalu Île Nukulaelae
2%
Indonésie Province Nusa Tenggara est
2%
Indonésie Province Nusa Tenggara ouest
2%
Gabon Province Nyanga
2%
Cambodge Province Oddar Meanchey
2%
Irlande Comté Offaly
2%
Gabon Province Ogooué-Ivindo
2%
Gabon Province Ogooué-Lolo
2%
Gabon Province Ogooué-Maritime
2%
Letonnie Municipalité Ogre
2%
Azerbaïdjan Raion Oğuz
2%
Roumanie Comté Olt
2%
Bélize District Orange Walk
2%
Botswana Ville Orapa
2%
Moldavie District Orhei
2%
Turquie Province Osmaniye
2%
Bénin Département Ouémé
2%
Bahamas District Ouest de Grand Bahama
2%
Cambodge Province Pailin
2%
Panama Province Panamá Oeste
2%
Bolivie Département Pando
2%
Paraguay Département Paraguarí
2%
République Tchèque Région Pardubice
2%
Cap Vert Municipalité Paul
2%
Kosovo District Peja
2%
Bhoutan District Pema Gatshel
2%
Tanzanie Région Pemba Nord
2%
Tanzanie Région Pemba Sud
2%
Guatemala Département Petén
2%
Thailande Province Phitsanulok
2%
Finlande Région Pirkanmaa
2%
Liechtenstein Municipalité Planken
2%
Burkina Faso Région Plateau-Central
2%
Serbie District Podunavlje
2%
Bahamas District Point Noir
2%
Côte d'Ivoire Région Poro
2%
Jamaique Paroisse Portland
2%
Croatie Comté Požega-Slavonia
2%
Cambodge Province Preah Sihanouk
2%
Cambodge Province Preah Vihear
2%
Paraguay Département Presidente Hayes
2%
Cambodge Province Prey Veng
2%
Macédoine du Nord Municipalité Prilep
2%
Croatie Comté Primorje-Gorski Kotar
2%
Bahamas District Puits espagnols
2%
Perou Département Puno
2%
Cambodge Province Pursat
2%
Azerbaïdjan Raion Qabala
2%
Azerbaïdjan Raion Qakh
2%
Azerbaïdjan Raion Qazax
2%
Azerbaïdjan Raion Quba
2%
Azerbaïdjan Raion Qubadli
2%
Guatemala Département Quetzaltenango
2%
Azerbaïdjan Raion Qusar
2%
Georgie Région Racha-Lechkhumi et Kvemo Svaneti
2%
Bangladesh Division Rajshahi
2%
Bangladesh Division Rangpur
2%
Emirats Arabes Unis Emirat Ras Al Khaimah
2%
Serbie District Raška
2%
Corée du Nord Ville spéciale Rason
2%
Cambodge Province Ratanakiri
2%
Thailande Province Rayong
2%
Luxembourg Canton Redange
2%
Danemark Région Région de la capitale
2%
Indonésie Province Riau
2%
Cap Vert Municipalité Ribeira Brava
2%
Cap Vert Municipalité Ribeira Grande
2%
Cap Vert Municipalité Ribeira Grande de Santiago
2%
Norvège Région Rogaland
2%
Irlande Comté Roscommon
2%
Macédoine du Nord Municipalité Rosoman
2%
Bahamas District Rum Cay
2%
Burundi Province Rumonge
2%
Burundi Province Rutana
2%
Burundi Province Ruyigi
2%
Azerbaïdjan Raion Saatly
2%
Libye District Sabha
2%
Azerbaïdjan Raion Sabirabad
2%
Barbade Paroisse Saine Lucie
2%
Saint Vincent et les Grenadines Paroisse Saint Andrew
2%
Maurice Île Saint Brandon
2%
Dominique Paroisse Saint David
2%
Grenade Paroisse Saint David
2%
Saint Vincent et les Grenadines Paroisse Saint David
2%
Jamaique Paroisse Sainte Catherine
2%
Grenade Paroisse Saint Marc
2%
Antigua et Barbuda Paroisse Saint Philippe
2%
Barbade Paroisse Saint Philippe
2%
Roumanie Comté Sălaj
2%
Azerbaïdjan Raion Salyan
2%
Bhoutan District Samdrup Jongkhar
2%
Georgie Région Samegrelo-Zemo Svaneti
2%
Bhoutan District Samtse
2%
Azerbaïdjan Raion Samux
2%
République Dominicaine Province San Cristóbal
2%
Cuba Province Sancti Spíritus
2%
Trinité-et-Tobago Municipalité San Fernando
2%
Cap Vert Municipalité Santa Catarina do Fogo
2%
Cap Vert Municipalité São Domingos
2%
Cap Vert Municipalité São Filipe
2%
Cap Vert Municipalité São Lourenço dos Órgãos
2%
Cap Vert Municipalité São Miguel
2%
Cap Vert Municipalité São Salvador do Mundo
2%
Cap Vert Municipalité São Vicente
2%
Malaisie Etat Sarawak
2%
Bhoutan District Sarpang
2%
Finlande Région Satakunta
2%
Letonnie Municipalité Saulkrasti
2%
Laos Province Savannakhét
2%
Finlande Région Savo du Nord
2%
Finlande Région Savo du sud
2%
Botswana Ville Selebi-Phikwe
2%
Azerbaïdjan Raion Shabran
2%
Azerbaïdjan Ville Shaki
2%
Azerbaïdjan Raion Shaki
2%
Azerbaïdjan Raion Shamakhi
2%
Azerbaïdjan Raion Shamkir
2%
Arménie Province Shirak
2%
Kazakhstan Ville Shymkent
2%
Roumanie Comté Sibiu
2%
Ethiopie Région Sidama
2%
Algérie Province Sidi Bel Abbès
2%
Letonnie Municipalité Sigulda
2%
Turquie Province Siirt
2%
Mali Région Sikasso
2%
Turquie Province Sinop
2%
Suriname District Sipaliwini
2%
Azerbaïdjan Ville Şirvan
2%
Croatie Comté Sisak-Moslavina
2%
Azerbaïdjan Raion Siyazan
2%
Slovénie Municipalité Škofja Loka
2%
Letonnie Municipalité Smiltene
2%
Mozambique Province Sofala
2%
Nigeria Etat Sokoto
2%
Hongrie Comté Somogy
2%
Sainte Lucie District Soufrière
2%
Algérie Province Souk Ahras
2%
Azerbaïdjan Ville Soumgaït
2%
Botswana Township Sowa
2%
Serbie District Srem
2%
Bélize District Stann Creek
2%
Cambodge Province Steung Treng
2%
Macédoine du Nord Municipalité Struga
2%
Macédoine du Nord Municipalité Strumica
2%
Egypte Gouvernorat Sud Sinaï
2%
Tajikistan Région Sughd
2%
Cambodge Province Svay Rieng
2%
Bangladesh Division Sylhet
2%
Arménie Province Syunik
2%
Hongrie Comté Szabolcs-Szatmár-Bereg
2%
Perou Département Tacna
2%
Yémen Province Taiz
2%
Cambodge Province Takéo
2%
Kyrgyzstan Région Talas
2%
Mali Région Taoudénit
2%
Moldavie District Taraclia
2%
Arménie Province Tavush
2%
Cambodge Province Tboung Khmum
2%
Roumanie Comté Teleorman
2%
Brunei Darussalam District Temburong
2%
Malaisie Etat Terengganu
2%
Algérie Province Tiaret
2%
Montenegro Municipalité Tivat
2%
Bélize District Toledo
2%
Hongrie Comté Tolna
2%
Tonga Division Tongatapu
2%
Mongolie Province Töv
2%
Azerbaïdjan Raion Tovuz
2%
Tunisie Gouvernorat Tozeur
2%
Bhoutan District Trashigang
2%
Bhoutan District Trongsa
2%
Venezuela Etat Trujillo
2%
Bhoutan District Tsirang
2%
Turquie Province Tunceli
2%
Brunei Darussalam District Tutong
2%
Thailande Province Ubon Ratchathani
2%
Azerbaïdjan Raion Ucar
2%
Perou Département Ucayali
2%
Angola Province Uíge
2%
Montenegro Municipalité Ulcinj
2%
Russie Oblast Ulyanovsk
2%
Emirats Arabes Unis Emirat Umm Al Quwain
2%
Moldavie District Ungheni
2%
Tanzanie Région Unguja Nord
2%
Tanzanie Région Unguja Sud
2%
Afghanistan Province Urozgan
2%
Turquie Province Uşak
2%
République Tchèque Région Ústí nad Labem
2%
Finlande Région Uusimaa
2%
Tuvalu Île Vaitupu
2%
Letonnie Municipalité Valmiera
2%
Suede Comté Värmland
2%
Roumanie Comté Vaslui
2%
Suede Comté Västernorrland
2%
Suede Comté Västmanland
2%
Arménie Province Vayots Dzor
2%
Macédoine du Nord Municipalité Veles
2%
Hongrie Comté Veszprém
2%
Sainte Lucie District Vieux Fort
2%
Estonie Comté Viljandi
2%
Bahamas District Ville de Freeport
2%
Vietnam Province Vĩnh Long
2%
Ukraine Oblast Vinnytsia
2%
Croatie Comté Virovitica-Podravina
2%
Philippines Région Visayas Occidentales
2%
Philippines Région Visayas orientales
2%
Roumanie Comté Vrancea
2%
Bhoutan District Wangdue Phodrang
2%
Pologne Province Warmie-Mazurie
2%
Irlande Comté Wicklow
2%
Gabon Province Woleu-Ntem
2%
Turquie Province Yalova
2%
Azerbaïdjan Raion Yardimli
2%
Azerbaïdjan Ville Yevlakh
2%
Azerbaïdjan Raion Yevlakh
2%
Turquie Province Yozgat
2%
Russie Kraï Zabaykalsky
2%
Azerbaïdjan Raion Zagatala
2%
Hongrie Comté Zala
2%
Namibie Région Zambezi
2%
Azerbaïdjan Raion Zangilan
2%
Azerbaïdjan Raion Zardab
2%
Jordanie Gouvernorat Zarqa
2%
Bhoutan District Zhemgang
2%
Turquie Province Zonguldak
2%
Venezuela Etat Zulia
2%
Nigeria Etat Abia
1%
Ouganda District Abim
1%
Yémen Province Abyan
1%
Saint Marin Municipalité Acquaviva
1%
Letonnie Municipalité Ādaži
1%
Oman Province Ad Dakhiliyah
1%
Qatar Municipalité Ad Dawhah
1%
Oman Province Ad Dhahirah
1%
Maldives Ville Addu ville
1%
Ouganda District Adjumani
1%
Ouganda District Agago
1%
Côte d'Ivoire District Agnéby-Tiassa
1%
Turquie Province Ağrı
1%
São Tomé et Príncipe District Água Grande
1%
Ghana Région Ahafo
1%
Koweit Province Ahmadi
1%
El Salvador Département Ahuachapán
1%
Samoa District Aiga-i-le-Tai
1%
Timor Oriental Municipalité Aileu
1%
Îles Marshall Municipalité Ailinglaplap
1%
Îles Marshall Municipalité Ailuk
1%
Palaos Etat Aimeliik
1%
Timor Oriental Municipalité Ainaro
1%
Palaos Etat Airai
1%
Nauru District Aiwo
1%
Letonnie Municipalité Aizkraukle
1%
Slovénie Municipalité Ajdovščina
1%
Jordanie Province Ajloun
1%
Emirats Arabes Unis Emirat Ajman
1%
Turquie Province Aksaray
1%
Nigeria Etat Akwa Ibom
1%
Costa Rica Province Alajuela
1%
Irak Province Al Anbar
1%
Madagascar Région Alaotra-Mangoro
1%
Koweit Province Al Asimah
1%
Oman Province Al Batinah North
1%
Oman Province Al Batinah South
1%
Yémen Province Al Bayda
1%
Iran Province Alborz
1%
Oman Province Al Buraymi
1%
Qatar Municipalité Al Daayen
1%
Ouganda District Alebtong
1%
Syrie Gouvernorat Al-Hasakah
1%
Yémen Province Al Hudaydah
1%
Djibouti Région Ali Sabieh
1%
Yémen Province Al Jawf
1%
Qatar Municipalité Al Khor
1%
Yémen Province Al Mahrah
1%
Yémen Province Al Mahwit
1%
Soudan Etat Al Qadarif
1%
Irak Province Al-Qādisiyyah
1%
Qatar Municipalité Al-Shahaniya
1%
Qatar Municipalité Al Shamal
1%
Guatemala Département Alta Verapaz
1%
Letonnie Municipalité Alūksne
1%
Libye District Al Wahat
1%
Qatar Municipalité Al Wakrah
1%
Oman Province Al Wusta
1%
Paraguay Département Amambay
1%
Yémen Municipalité Amanat Al Asimah
1%
Turquie Province Amasya
1%
Thailande Province Amnat Charoen
1%
Ouganda District Amolatar
1%
Madagascar Région Amoron'i Mania
1%
Yémen Province Amran
1%
Ouganda District Amudat
1%
Ouganda District Amuria
1%
Ouganda District Amuru
1%
Nauru District Anabar
1%
Madagascar Région Analamanga
1%
Madagascar Région Analanjirofo
1%
Nigeria Etat Anambra
1%
Perou Département Ancash
1%
Montenegro Municipalité Andrijevica
1%
Madagascar Région Androy
1%
Moldavie District Anenii Noi
1%
Nauru District Anetan
1%
Palaos Etat Angaur
1%
Vietnam Province An Giang
1%
Thailande Province Ang Thong
1%
Nauru District Anibare
1%
Slovénie Municipalité Ankaran
1%
Madagascar Région Anosy
1%
Seychelles District Anse aux Pins
1%
Eritrhée Région Anseba
1%
Seychelles District Anse Boileau
1%
Seychelles District Anse Etoile
1%
Sainte Lucie District Anse la Raye
1%
Seychelles District Anse Royale
1%
Venezuela Etat Anzoátegui
1%
Ouganda District Apac
1%
Slovénie Municipalité Apače
1%
Venezuela Etat Apure
1%
Perou Département Apurímac
1%
Macédoine du Nord Municipalité Aračinovo
1%
Venezuela Etat Aragua
1%
Islande Municipalité Árborg
1%
Iran Province Ardabil
1%
Turquie Province Ardahan
1%
Chili Région Arica and Parinacota
1%
Maldives Atoll Ari du Nord
1%
Maldives Atoll Ari du sud
1%
Trinité-et-Tobago Municipalité Arima
1%
Mongolie Province Arkhangai
1%
Islande Municipalité Árneshreppur
1%
Îles Marshall Municipalité Arno
1%
Djibouti Région Arta
1%
Cuba Province Artemisa
1%
Haiti Département Artibonite
1%
Ouganda District Arua
1%
Islande Municipalité Ásahreppur
1%
Ghana Région Ashanti
1%
Oman Province Ash Sharqiyah Nord
1%
Oman Province Ash Sharqiyah Sud
1%
Mauritanie Région Assaba
1%
Syrie Gouvernorat As-Suwayda
1%
Egypte Gouvernorat Asyut
1%
Colombie Département Atlántico
1%
Honduras Département Atlántida
1%
Maldives Atoll Atoll Felidhu
1%
Madagascar Région Atsimo-Andrefana
1%
Madagascar Région Atsimo-Atsinanana
1%
Madagascar Région Atsinanana
1%
Laos Province Attapeu
1%
Samoa District Atua
1%
Seychelles District Au Cap
1%
Letonnie Municipalité Augšdaugava
1%
Perou Département Ayacucho
1%
Myanmar Région Ayeyarwady
1%
Chili Région Aysén
1%
Pakistan Territoire Azad Jammu et Kashmir
1%
Iran Province Azerbaijan de l'ouest
1%
Iran Province Azerbaijan est
1%
République Dominicaine Province Azua
1%
Equateur Province Azuay
1%
Liban Gouvernorat Baalbek-Hermel
1%
Irak Province Babil
1%
Guinée-Bissau Région Bafatá
1%
Côte d'Ivoire Région Bafing
1%
Népal Province Bagmati
1%
Myanmar Région Bago
1%
Côte d'Ivoire Région Bagoué
1%
Saudi Arabia Région Bahah
1%
Tchad Région Bahr el Gazel
1%
Soudan du Sud Etat Bahr el Ghazal du Nord
1%
Soudan du Sud Etat Bahr el Ghazal occidental
1%
Seychelles District Baie Lazare
1%
Seychelles District Baie Sainte Anne
1%
Nauru District Baitsi
1%
Guatemala Département Baja Verapaz
1%
Jordanie Gouvernorat Balqa
1%
Letonnie Municipalité Balvi
1%
République Centrafricaine Préfecture Bamingui-Bangoran
1%
Somalie Région Banaadir
1%
Indonésie Province Banten
1%
République Dominicaine Province Baoruco
1%
République Dominicaine Province Barahona
1%
Vietnam Province Bà Rịa-Vũng Tàu
1%
Guyana Région Barima-Waini
1%
Venezuela Etat Barinas
1%
Kenya Comté Baringo
1%
Turquie Province Bartın
1%
Moldavie District Basarabeasca
1%
République Centrafricaine Préfecture Basse-Kotto
1%
Gambie Région Basse-rivière
1%
République Démocratique du Congo Province Bas-Uélé
1%
Tchad Région Batha
1%
Timor Oriental Municipalité Baucau
1%
Nigeria Etat Bauchi
1%
Letonnie Municipalité Bauska
1%
Mongolie Province Bayankhongor
1%
Mongolie Province Bayan-Ulgii
1%
Turquie Province Bayburt
1%
Nigeria Etat Bayelsa
1%
Honduras Département Bay Islands
1%
Vietnam Province Bắc Giang
1%
Vietnam Province Bắc Kạn
1%
Vietnam Province Bạc Liêu
1%
Vietnam Province Bắc Ninh
1%
Seychelles District Beau Vallon
1%
Egypte Gouvernorat Beheira
1%
Seychelles District Bel Air
1%
Côte d'Ivoire Région Bélier
1%
Seychelles District Bel Ombre
1%
Slovénie Municipalité Beltinci
1%
Tunisie Gouvernorat Ben Arous
1%
Slovénie Municipalité Benedikt
1%
Indonésie Province Bengkulu
1%
Maroc Région Béni Mellal-Khénifra
1%
Ethiopie Région Benishangul-Gumuz
1%
Egypte Gouvernorat Beni Suef
1%
Nigeria Etat Benue
1%
Montenegro Municipalité Berane
1%
Lesotho District Berea
1%
Macédoine du Nord Municipalité Berovo
1%
Madagascar Région Betsiboka
1%
Philippines Région Bicol
1%
Turquie Province Bilecik
1%
Vietnam Province Bình Định
1%
Vietnam Province Bình Dương
1%
Vietnam Province Bình Phước
1%
Vietnam Province Bình Thuận
1%
Guinée équaoriale Province Bioko Norte
1%
Guinée équaoriale Province Bioko Sur
1%
Guinée-Bissau Région Biombo
1%
Slovénie Municipalité Bistrica ob Sotli
1%
Islande Municipalité Bláskógabyggð
1%
Slovénie Municipalité Bloke
1%
Vietnam Province Bến Tre
1%
Nicaragua Département Boaco
1%
Timor Oriental Municipalité Bobonaro
1%
Panama Province Bocas del Toro
1%
Madagascar Région Boeny
1%
Macédoine du Nord Municipalité Bogdanci
1%
Macédoine du Nord Municipalité Bogovinje
1%
Guinée Région Boké
1%
Laos Province Bokèo
1%
Guinée-Bissau Région Bolama
1%
Laos Province Bolikhamxai
1%
Islande Municipalité Bolungarvík
1%
Kenya Comté Bomet
1%
Libéria Comté Bomi
1%
Libéria Comté Bong
1%
Madagascar Région Bongolava
1%
Ghana Région Bono
1%
Ghana Région Bono Est
1%
Islande Municipalité Borgarbyggð
1%
Tchad Région Borkou
1%
Nigeria Etat Borno
1%
Slovénie Municipalité Borovnica
1%
North Macédoine du Municipalité Bosilovo
1%
Republique du Congo Département Bouenza
1%
Côte d'Ivoire Région Bounkani
1%
Slovénie Municipalité Bovec
1%
Colombie Département Boyacá
1%
Mauritanie Région Brakna
1%
Serbie District Braničevo
1%
Slovénie Municipalité Braslovče
1%
Slovénie Municipalité Brda
1%
Slovénie Municipalité Brežice
1%
Slovénie Municipalité Brezovica
1%
Moldavie District Briceni
1%
Suriname District Brokopondo
1%
Macédoine du Nord Municipalité Brvenica
1%
Nauru District Buada
1%
Ouganda District Budaka
1%
Ouganda District Bududa
1%
Montenegro Municipalité Budva
1%
Thailande Province Bueng Kan
1%
Ouganda District Bugiri
1%
Ouganda District Bugweri
1%
Ouganda District Buhweju
1%
Ouganda District Buikwe
1%
Ouganda District Bukedea
1%
Ouganda District Bukomansimbi
1%
Ouganda District Bukwo
1%
Ouganda District Bulambuli
1%
Mongolie Province Bulgan
1%
Ouganda District Buliisa
1%
Ouganda District Bundibugyo
1%
Kenya Comté Bungoma
1%
Ouganda District Bunyangabu
1%
Turquie Province Burdur
1%
Iran Province Bushehr
1%
Ouganda District Bushenyi
1%
Kenya Comté Busia
1%
Ouganda District Busia
1%
Ouganda District Butaleja
1%
Ouganda District Butambala
1%
Ouganda District Butebo
1%
Macédoine du Nord Municipalité Butel
1%
Lesotho District Butha-Buthe
1%
Libye District Butnan
1%
Ouganda District Buvuma
1%
Ouganda District Buyende
1%
Paraguay Département Caaguazú
1%
El Salvador Département Cabañas
1%
Moldavie District Călărași
1%
Roumanie Comté Călărași
1%
Colombie Département Caldas
1%
Vietnam Province Cà Mau
1%
Turquie Province Çankırı
1%
Slovénie Municipalité Cankova
1%
São Tomé et Príncipe District Cantagalo
1%
Moldavie District Cantemir
1%
Vietnam Province Cao Bằng
1%
Luxembourg Canton Capellen
1%
Colombie Département Caquetá
1%
Philippines Région Caraga
1%
Roumanie Comté Caraș-Severin
1%
Nicaragua Département Carazo
1%
Equateur Province Carchi
1%
Grenade Dependency Carriacou and Petite Martinique
1%
Colombie Département Casanare
1%
Macédoine du Nord Municipalité Čaška
1%
São Tomé et Príncipe District Caué
1%
Moldavie District Căușeni
1%
Côte d'Ivoire Région Cavally
1%
Macédoine du Nord Municipalité Centar
1%
Macédoine du Nord Municipalité Centar Župa
1%
Guinée équaoriale Province Centro Sur
1%
Slovénie Municipalité Cerklje na Gorenjskem
1%
Slovénie Municipalité Cerknica
1%
Slovénie Municipalité Cerkno
1%
Slovénie Municipalité Cerkvenjak
1%
Uruguay Département Cerro Largo
1%
Colombie Département Cesar
1%
Macédoine du Nord Municipalité Češinovo-Obleševo
1%
Letonnie Municipalité Cēsis
1%
Thailande Province Chachoengsao
1%
Corée du Nord Province Chagang
1%
Iran Province Chaharmahal et Bakhtiari
1%
Thailande Province Chai Nat
1%
Thailande Province Chaiyaphum
1%
El Salvador Département Chalatenango
1%
Laos Province Champasak
1%
Thailande Province Chanthaburi
1%
Tchad Région Chari-Baguirmi
1%
Saint Marin Municipalité Chiesanuova
1%
Guatemala Département Chimaltenango
1%
Papouasie Nouvelle Guinée Province Chimbu
1%
Nicaragua Département Chinandega
1%
Guatemala Département Chiquimula
1%
Panama Province Chiriquí
1%
Colombie Département Chocó
1%
Honduras Département Choluteca
1%
Thailande Province Chonburi
1%
Nicaragua Département Chontales
1%
Thailande Province Chumphon
1%
Cuba Province Ciego de Ávila
1%
Moldavie District Cimișlia
1%
Slovénie Municipalité Cirkulane
1%
Jamaique Paroisse Clarendon
1%
Vietnam Municipalité Cần Thơ
1%
Panama Province Coclé
1%
Venezuela Etat Cojedes
1%
Lesotho District Col Qacha
1%
Honduras Département Comayagua
1%
Suriname District Commewijne
1%
Honduras Département Copán
1%
Zambie Province Copperbelt
1%
Chili Région Coquimbo
1%
Suriname District Coronie
1%
Honduras Département Cortés
1%
Nicaragua Département Côte nord des Caraïbes
1%
Nicaragua Département Côte sud des Caraïbes
1%
Trinité-et-Tobago Région Couva–Tabaquite–Talparo
1%
Timor Oriental Municipalité Covalima
1%
Roumanie Comté Covasna
1%
Slovénie Municipalité Črenšovci
1%
Moldavie District Criuleni
1%
Slovénie Municipalité Črna na Koroškem
1%
Slovénie Municipalité Črnomelj
1%
Macédoine du Nord Municipalité Čučer-Sandevo
1%
El Salvador Département Cuscatlán
1%
Republique du Congo Département Cuvette
1%
Republique du Congo Département Cuvette-Ouest
1%
Guyana Région Cuyuni-Mazaruni
1%
République Dominicaine Province Dajabón
1%
Egypte Gouvernorat Dakahlia
1%
Mauritanie Région Dakhlet Nouadhibou
1%
Islande Municipalité Dalabyggð
1%
Suede Comté Dalarna
1%
Islande Municipalité Dalvíkurbyggð
1%
Vietnam Municipalité Đà Nẵng
1%
Syrie Gouvernorat Daraa
1%
Soudan Etat Darfour Ouest
1%
Soudan Etat Darfur Est
1%
Mongolie Province Darkhan-Uul
1%
Macédoine du Nord Municipalité Debarca
1%
Venezuela Etat Delta Amacuro
1%
Guyana Région Demerara-Mahaica
1%
Macédoine du Nord Municipalité Demir Hisar
1%
Nauru District Denigomodu
1%
Slovénie Municipalité Destrnik
1%
Yémen Province Dhamar
1%
Irak Province Dhi Qar
1%
Oman Province Dhofar
1%
Madagascar Région Diana
1%
Trinité-et-Tobago Région Diego Martin
1%
Niger Région Diffa
1%
Djibouti Région Dikhil
1%
Vietnam Province Điện Biên
1%
Sénégal Région Diourbel
1%
Slovénie Municipalité Divača
1%
Irak Province Diyala
1%
Guinée équaoriale Province Djibloho
1%
Vietnam Province Đắk Lắk
1%
Vietnam Province Đắk Nông
1%
Vietnam Province Đồng Nai
1%
Vietnam Province Đồng Tháp
1%
Letonnie Municipalité Dobele
1%
Slovénie Municipalité Dobje
1%
Slovénie Municipalité Dobrepolje
1%
Slovénie Municipalité Dobrna
1%
Slovénie Municipalit Dobrova–Polhov Gradec
1%
Macédoine du Nord Municipalité Dojran
1%
Ouganda District Dokolo
1%
Slovénie Municipalité Dolenjske Toplice
1%
Roumanie Comté Dolj
1%
Macédoine du Nord Municipalité Dolneni
1%
Slovénie Municipalité Dol pri Ljubljani
1%
Saint Marin Municipalité Domagnano
1%
Moldavie District Dondușeni
1%
Slovénie Municipalité Dornava
1%
Mongolie Province Dornod
1%
Mongolie Province Dornogovi
1%
Niger Région Dosso
1%
Maroc Région Drâa-Tafilalet
1%
Slovénie Municipalité Dravograd
1%
Moldavie District Drochia
1%
République Dominicaine Province Duarte
1%
Moldavie District Dubăsari
1%
Irak Province Duhok
1%
Mongolie Province Dundgovi
1%
Slovénie Municipalité Duplek
1%
Guyana Région East Berbice-Corentyne
1%
Îles Marshall Municipalité Ebon
1%
Nigeria Etat Ebonyi
1%
Moldavie District Edineț
1%
Nigeria Etat Ekiti
1%
Kenya Comté Elgeyo-Marakwet
1%
République Dominicaine Province Elías Piña
1%
Equateur Province El Oro
1%
Honduras Département El Paraíso
1%
Guatemala Département El Progreso
1%
République Dominicaine Province El Seibo
1%
Panama Région Emberá-Wounaan
1%
Kenya Comté Embu
1%
Îles Marshall Municipalité Enewetok | Ujelang
1%
Papouasie Nouvelle Guinée Province Enga
1%
Seychelles District English River
1%
Tchad Région Ennedi-Est
1%
Tchad Région Ennedi-Ouest
1%
Soudan du Sud Etat Équatoria centrale
1%
Soudan du Sud Etat Équatoria occidental
1%
Soudan du Sud Etat Équatoria orientale
1%
Timor Oriental Municipalité Ermera
1%
Namibie Région Erongo
1%
Turquie Province Erzincan
1%
Guatemala Département Escuintla
1%
Equateur Province Esmeraldas
1%
République Dominicaine Province Espaillat
1%
Guyana Région Essequibo Islands-West Demerara
1%
Nicaragua Département Estelí
1%
Tonga Division ʻEua
1%
Nauru District Ewa
1%
Islande Municipalité Eyjafjarðarsveit
1%
Islande Municipalité Eyja- og Miklaholtshreppur
1%
Maldives Atoll Faadhippolhu
1%
Samoa District Faʻasaleleaga
1%
Saint Marin Municipalité Faetano
1%
Egypte Gouvernorat Faiyum
1%
Venezuela Etat Falcón
1%
Moldavie District Fălești
1%
Guinée Région Faranah
1%
Iran Province Fars
1%
Koweit Province Farwaniya
1%
Sénégal Région Fatick
1%
Madagascar Région Fitovinany
1%
Islande Municipalité Fjallabyggð
1%
Islande Municipalité Fjarðabyggð
1%
Islande Municipalité Fljótsdalshreppur
1%
Islande Municipalité Flóahreppur
1%
Moldavie District Florești
1%
Côte d'Ivoire Région Folon
1%
Honduras Département Francisco Morazán
1%
Maldives Ville Fuvahmulah
1%
Guinée-Bissau Région Gabu
1%
Tunisie Gouvernorat Gafsa
1%
Samoa District Gagaʻemauga
1%
Samoa District Gagaʻifomauga
1%
Somalie Etat Galmudug
1%
Ethiopie Région Gambela
1%
Népal Province Gandaki
1%
Islande Municipalité Garðabær
1%
Kenya Comté Garissa
1%
Eritrhée Région Gash-Barka
1%
Suede Comté Gävleborg
1%
Macédoine du Nord Municipalité Gazi Baba
1%
Libéria Comté Gbarpolu
1%
Côte d'Ivoire Région Gbêkê
1%
Côte d'Ivoire Région Gbôklé
1%
Tanzanie Région Geita
1%
Macédoine du Nord Municipalité Gevgelija
1%
Soudan Etat Gezira
1%
Egypte Gouvernorat Gharbia
1%
Vietnam Province Gia Lai
1%
Iran Province Gilan
1%
Macédoine du Nord Municipalité Gjorče Petrov
1%
Seychelles District Glacis
1%
Moldavie District Glodeni
1%
Côte d'Ivoire Région Gôh
1%
Iran Province Golestan
1%
Papouasie Nouvelle Guinée Province Golf
1%
Ouganda District Gomba
1%
Côte d'Ivoire Région Gontougo
1%
Slovénie Municipalité Gorenja Vas–Poljane
1%
Mauritanie Région Gorgol
1%
Slovénie Municipalité Gorišnica
1%
Roumanie Comté Gorj
1%
Slovénie Municipalité Gorje
1%
Slovénie Municipalité Gornja Radgona
1%
Slovénie Municipalité Gornji Grad
1%
Slovénie Municipalité Gornji Petrovci
1%
Mongolie Province Govi-Altai
1%
Mongolie Province Govisumber
1%
Honduras Département Gracias a Dios
1%
Macédoine du Nord Municipalité Gradsko
1%
Nicaragua Département Granada
1%
Ghana Région Grand Accra
1%
Haiti Département Grand'Anse
1%
Seychelles District Grand'Anse Mahé
1%
Seychelles District Grand'Anse Praslin
1%
Libéria Comté Grand Gedeh
1%
Libéria Comté Grand Kru
1%
Libéria Comté Grand Mont Cap
1%
Côte d'Ivoire Région Grands-Ponts
1%
Islande Municipalité Grímsnes- og Grafningshreppur
1%
Islande Municipalité Grindavíkurbær
1%
Slovénie Municipalité Grosuplje
1%
Islande Municipalité Grundarfjarðarbær
1%
Islande Municipalité Grýtubakkahreppur
1%
Colombie Département Guainía
1%
Costa Rica Province Guanacaste
1%
Venezuela Etat Guárico
1%
Colombie Département Guaviare
1%
Maroc Région Guelmim-Oued Noun
1%
Côte d'Ivoire Région Guémon
1%
Mauritanie Région Guidimaka
1%
Letonnie Municipalité Gulbene
1%
Panama Région Guna Yala
1%
Georgie Région Guria
1%
Montenegro Municipalité Gusinje
1%
Corée du Sud Province Gyeonggi
1%
Tonga Division Haʻapai
1%
Tchad Région Hadjer-Lamis
1%
Yémen Province Hadramaut
1%
Vietnam Province Hà Giang
1%
Maldives Atoll Hahdhunmathi
1%
Slovénie Municipalité Hajdina
1%
Yémen Province Hajjah
1%
Irak Province Halabja
1%
Iran Province Hamadan
1%
Côte d'Ivoire Région Hambol
1%
Corée du Nord Province Hamgyong du Nord
1%
Corée du Nord Province Hamgyong du Sud
1%
Vietnam Province Hà Nam
1%
Jamaique Paroisse Hanover
1%
Ethiopie Région Harari
1%
Namibie Région Hardap
1%
Roumanie Comté Harghita
1%
Estonie Comté Harju
1%
Vietnam Province Hà Tĩnh
1%
Palaos Etat Hatohobei
1%
République Dominicaine Province Hato Mayor
1%
Guyana Région Haut Demerara-Berbice
1%
République Centrafricaine Préfecture Haute-Kotto
1%
Madagascar Région Haute Matsiatra
1%
Gambie Région Haute rivière
1%
République Démocratique du Congo Province Haut-Lomami
1%
République Centrafricaine Préfecture Haut-Mbomou
1%
Ghana Région Haut-Ouest
1%
Côte d'Ivoire Région Haut-Sassandra
1%
Guyana Région Haut Takutu-Upper Essequibo
1%
République Démocratique du Congo Province Haut-Uélé
1%
Koweit Province Hawalli
1%
Costa Rica Province Heredia
1%
République Dominicaine Province Hermanas Mirabal
1%
Panama Province Herrera
1%
Eswatini Région Hhohho
1%
Vietnam Province Hải Dương
1%
Moldavie District Hîncești
1%
Vietnam Municipalité Hải Phòng
1%
Somalie Etat Hirshabelle
1%
Vietnam Province Hòa Bình
1%
Slovénie Municipalité Hoče–Slivnica
1%
Mauritanie Région Hodh Ech Chargui
1%
Mauritanie Région Hodh El Gharbi
1%
Slovénie Municipalité Hodoš
1%
Kenya Comté Homa Bay
1%
Islande Municipalité Hörgársveit
1%
Slovénie Municipalité Horjul
1%
Iran Province Hormozgān
1%
Islande Municipalité Hornafjörður
1%
Laos Province Houaphan
1%
Slovénie Municipalité Hrastnik
1%
Slovénie Municipalité Hrpelje-Kozina
1%
Islande Municipalité Hrunamannahreppur
1%
Perou Département Huancavelica
1%
Perou Département Huánuco
1%
Guatemala Département Huehuetenango
1%
Vietnam Province Hậu Giang
1%
Islande Municipalité Húnabyggð
1%
Islande Municipalité Húnaþing vestra
1%
Vietnam Province Hưng Yên
1%
Maldives Atoll Huvadhu du nord
1%
Maldives Atoll Huvadhu du sud
1%
Islande Municipalité Hvalfjarðarsveit
1%
Islande Municipalité Hveragerði
1%
Corée du Nord Province Hwanghae du Nord
1%
Corée du Nord Province Hwanghae du Sud
1%
Moldavie District Ialoveni
1%
Ouganda District Ibanda
1%
Yémen Province Ibb
1%
Estonie Comté Ida-Viru
1%
Côte d'Ivoire Région Iffou
1%
Ouganda District Iganga
1%
Turquie Province Iğdır
1%
Madagascar Région Ihorombe
1%
Nauru District Ijuw
1%
Iran Province Ilam
1%
Seychelles District Île de la Persévérance I
1%
Seychelles District Île de la Persévérance II
1%
Indonésie Province Îles Bangka Belitung
1%
Roumanie Comté Ilfov
1%
Macédoine du Nord Municipalité Ilinden
1%
Slovénie Municipalité Ilirska Bistrica
1%
Philippines Région Ilocos
1%
Equateur Province Imbabura
1%
Mauritanie Région Inchiri
1%
Côte d'Ivoire Région Indénié-Djuablin
1%
République Dominicaine Province Independencia
1%
Honduras Département Intibucá
1%
Jordanie Gouvernorat Irbid
1%
Tanzanie Région Iringa
1%
Îles Salomon Province Isabel
1%
Islande Municipalité Ísafjarðarbær
1%
Ouganda District Isingiro
1%
Kenya Comté Isiolo
1%
Kyrgyzstan Région Issyk-Kul
1%
Madagascar Région Itasy
1%
République Démocratique du Congo Province Ituri
1%
Slovénie Municipalité Ivančna Gorica
1%
Guatemala Département Izabal
1%
Slovénie Municipalité Izola
1%
Libye District Jabal al Akhdar
1%
Libye District Jabal al Gharbi
1%
Îles Marshall Municipalité Jabat
1%
Serbie District Jablanica
1%
Libye District Jafara
1%
Guatemala Département Jalapa
1%
Îles Marshall Municipalité Jaluit
1%
Kazakhstan Région Jambyl
1%
Estonie Comté Järva
1%
Saudi Arabia Région Jawf
1%
Macédoine du Nord Municipalité Jegunovce
1%
Letonnie Municipalité Jēkabpils
1%
Letonnie Ville Jelgava
1%
Letonnie Municipalité Jelgava
1%
Tunisie Gouvernorat Jendouba
1%
Jordanie Gouvernorat Jerash
1%
Slovénie Municipalité Jezersko
1%
Nigeria Etat Jigawa
1%
Nicaragua Département Jinotega
1%
Papouasie Nouvelle Guinée Province Jiwaka
1%
Saudi Arabia Région Jizan
1%
Estonie Comté Jõgeva
1%
Soudan du Sud Etat Jonglei
1%
Libye District Jufra
1%
Perou Département Junín
1%
Slovénie Municipalité Juršinci
1%
Guatemala Département Jutiapa
1%
Ouganda District Kaabong
1%
Côte d'Ivoire Région Kabadougou
1%
Ouganda District Kabale
1%
Ouganda District Kabarole
1%
Ouganda District Kaberamaido
1%
Myanmar Etat Kachin
1%
Sénégal Région Kaffrine
1%
Egypte Gouvernorat Kafr El Sheikh
1%
Ouganda District Kagadi
1%
Tanzanie Région Kagera
1%
Kenya Comté Kajiado
1%
Kenya Comté Kakamega
1%
Ouganda District Kakumiro
1%
Ouganda District Kalaki
1%
Ouganda District Kalangala
1%
Islande Municipalité Kaldrananeshreppur
1%
Ouganda District Kalungu
1%
Thailande Province Kamphaeng Phet
1%
Ouganda District Kamuli
1%
Ouganda District Kamwenge
1%
Thailande Province Kanchanaburi
1%
Tchad Région Kanem
1%
Corée du Nord Province Kangwon
1%
Guinée Région Kankan
1%
Ouganda District Kanungu
1%
Sénégal Région Kaolack
1%
Ouganda District Kapchorwa
1%
Ouganda District Kapelebyong
1%
Namibie Région ǁKaras
1%
Irak Province Karbala
1%
Macédoine du Nord Municipalité Karbinci
1%
Ouganda District Karenga
1%
Népal Province Karnali
1%
Macédoine du Nord Municipalité Karpoš
1%
République Démocratique du Congo Province Kasaï
1%
République Démocratique du Congo Province Kasaï-Central
1%
République Démocratique du Congo Province Kasaï-Oriental
1%
Ouganda District Kasanda
1%
Ouganda District Kasese
1%
Soudan Etat Kassala
1%
Tunisie Gouvernorat Kasserine
1%
Ouganda District Katakwi
1%
Tanzanie Région Katavi
1%
Nigeria Etat Katsina
1%
Macédoine du Nord Municipalité Kavadarci
1%
Namibie Région Kavango Est
1%
Namibie Région Kavango Ouest
1%
Myanmar Etat Kayah
1%
Palaos Etat Kayangel
1%
Ouganda District Kayunga
1%
Ouganda District Kazo
1%
Nigeria Etat Kebbi
1%
Tunisie Gouvernorat Kebili
1%
Malaisie Etat Kedah
1%
Sénégal Région Kédougou
1%
Malaisie Etat Kelantan
1%
Kenya Comté Kericho
1%
Iran Province Kerman
1%
Iran Province Kermanshah
1%
Liban Gouvernorat Keserwan-Jbeil
1%
Laos Province Khammouan
1%
Vietnam Province Khánh Hòa
1%
Tajikistan Région Khatlon
1%
Mongolie Province Khentii
1%
Namibie Région Khomas
1%
Iran Province Khorasan du nord
1%
Iran Province Khorasan du sud
1%
Mongolie Province Khovd
1%
Mongolie Province Khövsgöl
1%
Iran Province Khuzestan
1%
Ouganda District Kibaale
1%
Ouganda District Kiboga
1%
Ouganda District Kibuku
1%
Slovénie Municipalité Kidričevo
1%
Vietnam Province Kiên Giang
1%
Guinée équaoriale Province Kié-Ntem
1%
Tanzanie Région Kigoma
1%
Ouganda District Kikuube
1%
Kenya Comté Kilifi
1%
Guinée Région Kindia
1%
Kenya Comté Kirinyaga
1%
Ukraine Oblast Kirovohrad
1%
Ouganda District Kiruhura
1%
Ouganda District Kiryandongo
1%
Macédoine du Nord Municipalité Kisela Voda
1%
Kenya Comté Kisii
1%
Ouganda District Kisoro
1%
Ouganda District Kitagwenda
1%
Ouganda District Kitgum
1%
Kenya Comté Kitui
1%
Islande Municipalité Kjósarhreppur
1%
Slovénie Municipalité Kobilje
1%
Ouganda District Koboko
1%
Macédoine du Nord Municipalité Kočani
1%
Slovénie Municipalité Kočevje
1%
Nigeria Etat Kogi
1%
Iran Province Kohgiluyeh et Boyer-Ahmad
1%
Myanmar Zone Kokang
1%
Montenegro Municipalité Kolašin
1%
Sénégal Région Kolda
1%
Ouganda District Kole
1%
Maldives Atoll Kolhumadulu
1%
Serbie District Kolubara
1%
Slovénie Municipalité Komen
1%
Slovénie Municipalité Komenda
1%
Macédoine du Nord Municipalité Konče
1%
Vietnam Province Kon Tum
1%
Soudan Etat Kordofan Nord
1%
Soudan Etat Kordofan Ouest
1%
Soudan Etat Kordofan Sud
1%
Slovénie Municipalité Kostanjevica na Krki
1%
Slovénie Municipalité Kostel
1%
Ouganda District Kotido
1%
Republique du Congo Département Kouilou
1%
Mali Région Koulikoro
1%
Russie Oblast Kourgane
1%
Slovénie Municipalité Kozje
1%
Slovénie Municipalité Kranjska Gora
1%
Letonnie Municipalité Krāslava
1%
Macédoine du Nord Municipalité Kratovo
1%
Macédoine du Nord Municipalité Krivogaštani
1%
Slovénie Municipalité Križevci
1%
Slovénie Municipalité Krško
1%
Macédoine du Nord Municipalité Kruševo
1%
Libye District Kufra
1%
Letonnie Municipalité Kuldīga
1%
Ouganda District Kumi
1%
Namibie Région Kunene
1%
Slovénie Municipalité Kungota
1%
Turquie Province Kütahya
1%
Slovénie Municipalité Kuzma
1%
Îles Marshall Municipalité Kwajalein
1%
Kenya Comté Kwale
1%
République Démocratique du Congo Province Kwango
1%
Ouganda District Kwania
1%
Nigeria Etat Kwara
1%
Ouganda District Kween
1%
République Démocratique du Congo Province Kwilu
1%
Ouganda District Kyankwanzi
1%
Ouganda District Kyegegwa
1%
Ouganda District Kyenjojo
1%
Finlande Région Kymenlaakso
1%
Ouganda District Kyotera
1%
République Dominicaine Province La Altagracia
1%
Estonie Comté Lääne-Viru
1%
Guinée Région Labé
1%
Sainte Lucie District Laborie
1%
Malaisie Territoire Labuan
1%
Yémen Province Lahij
1%
Vietnam Province Lai Châu
1%
Kenya Comté Laikipia
1%
El Salvador Département La Libertad
1%
Perou Département La Libertad
1%
Perou Département Lambayeque
1%
Vietnam Province Lâm Đồng
1%
Thailande Province Lamphun
1%
Indonésie Province Lampung
1%
Kenya Comté Lamu
1%
Ouganda District Lamwo
1%
Islande Municipalité Langanesbyggð og Svalbarðshreppur
1%
Vietnam Province Lào Cai
1%
Venezuela Etat Lara
1%
République Dominicaine Province La Romana
1%
Slovénie Municipalité Laško
1%
Cuba Province Las Tunas
1%
El Salvador Département La Unión
1%
République Dominicaine Province La Vega
1%
Republique du Congo Département Lékoumou
1%
São Tomé et Príncipe District Lembá
1%
Honduras Département Lempira
1%
Slovénie Municipalité Lenart
1%
Slovénie Municipalité Lendava
1%
Moldavie District Leova
1%
Lesotho District Leribe
1%
Seychelles District Les Mamelles
1%
Taiwan Comté Lienchiang
1%
Îles Marshall Municipalité Likiep
1%
Republique du Congo Département Likouala
1%
Letonnie Municipalité Limbaži
1%
République Centrafricaine Préfecture Lim-Pendé
1%
Tanzanie Région Lindi
1%
Macédoine du Nord Municipalité Lipkovo
1%
Timor Oriental Municipalité Liquiçá
1%
Ouganda District Lira
1%
Slovénie Municipalité Litija
1%
Letonnie Municipalité Līvāni
1%
Slovénie Municipalité Ljubno
1%
Slovénie Municipalité Ljutomer
1%
Vietnam Province Lạng Sơn
1%
São Tomé et Príncipe District Lobata
1%
République Centrafricaine Préfecture Lobaye
1%
Libéria Comté Lofa
1%
Slovénie Municipalité Logatec
1%
Slovénie Municipalité Log-Dragomer
1%
Tchad Région Logone Occidental
1%
Tchad Région Logone Oriental
1%
Côte d'Ivoire Région Lôh-Djiboua
1%
Equateur Province Loja
1%
République Démocratique du Congo Province Lomami
1%
Vietnam Province Long An
1%
Thailande Province Lopburi
1%
Iran Province Lorestan
1%
Slovénie Municipalité Loška Dolina
1%
Slovénie Municipalité Loški Potok
1%
Chili Région Los Ríos
1%
Equateur Province Los Ríos
1%
Panama Province Los Santos
1%
Laos Province Louangphabang
1%
Slovénie Municipalité Lovrenc na Pohorju
1%
Macédoine du Nord Municipalité Lozovo
1%
République Démocratique du Congo Province Lualaba
1%
Laos Province Luang Namtha
1%
Zambie Province Luapula
1%
Eswatini Région Lubombo
1%
Philippines Région Luçon centrale
1%
Letonnie Municipalité Ludza
1%
Slovénie Municipalité Lukovica
1%
Népal Province Lumbini
1%
Ouganda District Luuka
1%
Ouganda District Luweero
1%
Ouganda District Lwengo
1%
Ouganda District Lyantonde
1%
Maldives Atoll Maalhosmadulu du nord
1%
Maldives Atoll Maalhosmadulu du sud
1%
Kenya Comté Machakos
1%
Serbie District Mačva
1%
Jordanie Gouvernorat Madaba
1%
Papouasie Nouvelle Guinée Province Madang
1%
Népal Province Madhesh
1%
Saudi Arabia Région Madinah
1%
Ouganda District Madi-Okollo
1%
Perou Département Madre de Dios
1%
Nicaragua Département Madriz
1%
Thailande Province Mae Hong Son
1%
Lesotho District Mafeteng
1%
Jordanie Gouvernorat Mafraq
1%
Colombie Département Magdalena
1%
Myanmar Région Magway
1%
Guyana Région Mahaica-Berbice
1%
Thailande Province Maha Sarakham
1%
Tunisie Gouvernorat Mahdia
1%
République Démocratique du Congo Province Mai-Ndombe
1%
Slovénie Municipalité Majšperk
1%
Macédoine du Nord Municipalité Makedonska Kamenica
1%
Macédoine du Nord Municipalité Makedonski Brod
1%
Îles Salomon Province Makira-Ulawa
1%
Saudi Arabia Région Makkah
1%
Slovénie Municipalité Makole
1%
Kenya Comté Makueni
1%
Îles Salomon Province Malaita
1%
Vanuatu Province Malampa
1%
Turquie Province Malatya
1%
Uruguay Département Maldonado
1%
Îles Marshall Municipalité Maloelap
1%
République Centrafricaine Préfecture Mambéré
1%
République Centrafricaine Préfecture Mambéré-Kadéï
1%
Guinée Région Mamou
1%
Equateur Province Manabí
1%
Ouganda District Manafwa
1%
Timor Oriental Municipalité Manatuto
1%
Jamaique Paroisse Manchester
1%
Kenya Comté Mandera
1%
Tchad Région Mandoul
1%
République Démocratique du Congo Province Maniema
1%
Turquie Province Manisa
1%
Tunisie Gouvernorat Manouba
1%
Timor Oriental Municipalité Manufahi
1%
Tanzanie Région Manyara
1%
Eswatini Région Manzini
1%
Ouganda District Maracha
1%
Niger Région Maradi
1%
Côte d'Ivoire Région Marahoué
1%
Libéria Comté Margibi
1%
République Dominicaine Province María Trinidad Sánchez
1%
Libye District Marj
1%
Iran Province Markazi
1%
Slovénie Municipalité Markovci
1%
Kenya Comté Marsabit
1%
Letonnie Municipalité Mārupe
1%
Ouganda District Masaka
1%
Nicaragua Département Masaya
1%
Ouganda District Masindi
1%
Zimbabwe Province Masvingo
1%
Zimbabwe Province Matabeleland Nord
1%
Zimbabwe Province Matabeleland Sud
1%
Nicaragua Département Matagalpa
1%
Sénégal Région Matam
1%
Cuba Province Matanzas
1%
Egypte Gouvernorat Matrouh
1%
Chili Région Maule
1%
Macédoine du Nord Municipalité Mavrovo and Rostuša
1%
Cuba Province Mayabeque
1%
Trinité-et-Tobago Région Mayaro–Rio Claro
1%
Tchad Région Mayo-Kebbi Est
1%
Tchad Région Mayo-Kebbi Ouest
1%
Irak Province Maysan
1%
Ouganda District Mayuge
1%
Ouganda District Mbale
1%
Ouganda District Mbarara
1%
République Centrafricaine Préfecture Mbomou
1%
Tunisie Gouvernorat Medenine
1%
Slovénie Municipalité Medvode
1%
Îles Marshall Municipalité Mejit
1%
Madagascar Région Melaky
1%
Madagascar Région Menabe
1%
Mali Région Ménaka
1%
Nauru District Meneng
1%
Slovénie Municipalité Mengeš
1%
Eritrhée Région Mer Rouge du Nord
1%
Eritrhée Région Mer Rouge du Sud
1%
Kenya Comté Meru
1%
Slovénie Municipalité Metlika
1%
Slovénie Municipalité Mežica
1%
São Tomé et Príncipe District Mé-Zóchi
1%
Taiwan Comté Miaoli
1%
Sainte Lucie District Micoud
1%
Kenya Comté Migori
1%
Slovénie Municipalité Miklavž na Dravskem Polju
1%
Maldives Atoll Miladhunmadulu du nord
1%
Maldives Atoll Miladhunmadulu du sud
1%
Papouasie Nouvelle Guinée Province Milne Bay
1%
Philippines Région Mindanao du Nord
1%
Egypte Gouvernorat Minya
1%
Slovénie Municipalité Miren-Kostanjevica
1%
Slovénie Municipalité Mirna
1%
Slovénie Municipalité Mirna Peč
1%
Slovénie Municipalité Mislinja
1%
Ouganda District Mitooma
1%
Ouganda District Mityana
1%
Tanzanie Région Mjini Magharibi
1%
Macédoine du Nord Municipalité Mogila
1%
Lesotho District Mohale's Hoek
1%
Montenegro Municipalité Mojkovac
1%
Lesotho District Mokhotlong
1%
Slovénie Municipalité Mokronog-Trebelno
1%
Venezuela Etat Monagas
1%
Irlande ComtéComté Monaghan
1%
République Démocratique du Congo Province Mongala
1%
République Dominicaine Province Monseñor Nouel
1%
Seychelles District Mont Buxton
1%
République Dominicaine Province Monte Cristi
1%
Saint Marin Municipalité Montegiardino
1%
République Dominicaine Province Monte Plata
1%
Seychelles District Mont Fleuri
1%
Libéria Comté Montserrado
1%
Egypte Gouvernorat Monufia
1%
Perou Département Moquegua
1%
Slovénie Municipalité Moravče
1%
Slovénie Municipalité Moravske Toplice
1%
El Salvador Département Morazán
1%
Papouasie Nouvelle Guinée Province Morobe
1%
Tanzanie Région Morogoro
1%
Equateur Province Morona-Santiago
1%
Côte d'Ivoire Région Moronou
1%
Ouganda District Moroto
1%
Islande Municipalité Mosfellsbær
1%
Tchad Région Moyen-Chari
1%
Ouganda District Moyo
1%
Slovénie Municipalité Mozirje
1%
Ouganda District Mpigi
1%
Georgie Région Mtskheta-Mtianeti
1%
Koweit Province Mubarak Al-Kabeer
1%
Ouganda District Mubende
1%
Zambie Province Muchinga
1%
Turquie Province Muğla
1%
Thailande Province Mukdahan
1%
Maldives Atoll Mulaku
1%
Islande Municipalité Múlaþing
1%
Kenya Comté Murang'a
1%
Libye District Murqub
1%
Slovénie Ville Murska Sobota
1%
Libye District Murzuq
1%
Philippines Région autonome Muslim Mindanao
1%
Slovénie Municipalité Muta
1%
Irak Province Muthanna
1%
Islande Municipalité Mýrdalshreppur
1%
Liban Gouvernorat Nabatieh
1%
Ouganda District Nabilatuk
1%
Saudi Arabia Région Najran
1%
Ouganda District Nakapiripirit
1%
Ouganda District Nakaseke
1%
Ouganda District Nakasongola
1%
Thailande Province Nakhon Nayok
1%
Thailande Province Nakhon Pathom
1%
Thailande Province Nakhon Phanom
1%
Thailande Province Nakhon Sawan
1%
Thailande Province Nakhon Si Thammarat
1%
Slovénie Municipalité Naklo
1%
Libye District Nalut
1%
Ouganda District Namayingo
1%
Vietnam Province Nam Định
1%
Îles Marshall Municipalité Namdrik
1%
Ouganda District Namisindwa
1%
Ouganda District Namutumba
1%
République Centrafricaine Préfecture Nana-Grébizi
1%
République Centrafricaine Préfecture Nana-Mambéré
1%
Kenya Comté Nandi
1%
Taiwan Comté Nantou
1%
Ouganda District Napak
1%
Thailande Province Narathiwat
1%
Colombie Département Nariño
1%
Kenya Comté Narok
1%
Nigeria Etat Nasarawa
1%
Panama Région Naso Tjër Di
1%
Ouzbékistan Région Navoiy
1%
Côte d'Ivoire Région Nawa
1%
Slovénie Municipalité Nazarje
1%
Malaisie Etat Negeri Sembilan
1%
Panama Région Ngäbe-Buglé
1%
Palaos Etat Ngaraard
1%
Palaos Etat Ngarchelong
1%
Palaos Etat Ngardmau
1%
Palaos Etat Ngatpang
1%
Palaos Etat Ngchesar
1%
Palaos Etat Ngeremlengui
1%
Vietnam Province Nghệ An
1%
Palaos Etat Ngiwal
1%
Ouganda District Ngora
1%
Republique du Congo Département Niari
1%
Mozambique Province Niassa
1%
Nauru District Nibok
1%
Suriname District Nickerie
1%
Turquie Province Niğde
1%
Maldives Atoll Nilandhe du nord
1%
Maldives Atoll Nilandhe du sud
1%
Libéria Comté Nimba
1%
Irak Province Nineveh
1%
Vietnam Province Ninh Bình
1%
Vietnam Province Ninh Thuận
1%
Haiti Département Nippes
1%
Moldavie District Nisporeni
1%
Tuvalu Île Niulakita
1%
Tanzanie Région Njombe
1%
Thailande Province Nong Khai
1%
Thailande Province Nonthaburi
1%
Corée du Sud Province Nord Chungcheong
1%
Corée du Sud Province Nord Gyeongsang
1%
Corée du Sud Province Nord Jeolla
1%
République Démocratique du Congo Province Nord-Ubangi
1%
Islande Municipalité Norðurþing
1%
Colombie Département Norte de Santander
1%
Macédoine du Nord Municipalité Novaci
1%
Macédoine du Nord Municipalité Novo Selo
1%
Ouganda District Ntoroko
1%
Ouganda District Ntungamo
1%
Chili Région Ñuble
1%
Nicaragua Département Nueva Segovia
1%
Tuvalu Île Nukufetau
1%
Libye District Nuqat al Khams
1%
Ouganda District Nwoya
1%
Kenya Comté Nyamira
1%
Kenya Comté Nyandarua
1%
Kenya Comté Nyeri
1%
Guinée Région Nzérékoré
1%
Côte d'Ivoire Région N'Zi
1%
Djibouti Région Obock
1%
Ouganda District Obongi
1%
Moldavie District Ocnița
1%
Honduras Département Ocotepeque
1%
Slovénie Municipalité Odranci
1%
Timor Oriental Municipalité Oecusse
1%
Nigeria Etat Ogun
1%
Namibie Région Ohangwena
1%
Guinée-Bissau Région Oio
1%
Letonnie Municipalité Olaine
1%
Honduras Département Olancho
1%
Islande Municipalité Ölfus
1%
Namibie Région Omaheke
1%
République Centrafricaine Préfecture Ombella-M'Poko
1%
Mongolie Province Ömnögovi
1%
Ouganda District Omoro
1%
Namibie Région Omusati
1%
Nigeria Etat Ondo
1%
Slovénie Municipalité Oplotnica
1%
Equateur Province Orellana
1%
Mongolie Province Orkhon
1%
Slovénie Municipalité Ormož
1%
Namibie Région Oshana
1%
Namibie Région Oshikoto
1%
Slovénie Municipalité Osilnica
1%
Nigeria Etat Osun
1%
Ghana Région Oti
1%
Namibie Région Otjozondjupa
1%
Ouganda District Otuke
1%
Tchad Région Ouaddaï
1%
République Centrafricaine Préfecture Ouaka
1%
Laos Province Oudomxay
1%
République Centrafricaine Préfecture Ouham
1%
République Centrafricaine Préfecture Ouham-Fafa
1%
République Centrafricaine Préfecture Ouham-Pendé
1%
Mongolie Province Övörkhangai
1%
Ouganda District Oyam
1%
Nigeria Etat Oyo
1%
Ouganda District Pader
1%
Malaisie Etat Pahang
1%
Finlande Région Päijät-Häme
1%
Ouganda District Pakwach
1%
Samoa District Palauli
1%
Myanmar Zone Pa Laung
1%
Ouganda District Pallisa
1%
Perou Département Pasco
1%
Equateur Province Pastaza
1%
Thailande Province Pathum Thani
1%
Thailande Province Pattani
1%
Serbie District Pčinja
1%
République Dominicaine Province Pedernales
1%
Macédoine du Nord Municipalité Pehčevo
1%
Palaos Etat Peleliu
1%
Trinité-et-Tobago Région Penal–Debe
1%
Vanuatu Province Penama
1%
Malaisie Etat Penang
1%
Taiwan Comté Penghu
1%
Philippines Région Péninsule de Zamboanga
1%
Malaisie Etat Perak
1%
République Dominicaine Province Peravia
1%
Malaisie Etat Perlis
1%
Slovénie Municipalité Pesnica
1%
Montenegro Municipalité Petnjica
1%
Macédoine du Nord Municipalité Petrovec
1%
Thailande Province Phang Nga
1%
Thailande Province Phatthalung
1%
Thailande Province Phayao
1%
Thailande Province Phetchabun
1%
Thailande Province Phetchaburi
1%
Thailande Province Phichit
1%
Laos Province Phongsaly
1%
Thailande Province Phrae
1%
Thailande Province Phra Nakhon Si Ayutthaya
1%
Vietnam Province Phú Thọ
1%
Vietnam Province Phú Yên
1%
Soudan du Sud Aire Pibor
1%
Equateur Province Pichincha
1%
Cuba Province Pinar del Río
1%
Taiwan Comté Pingtung
1%
Slovénie Municipalité Pivka
1%
Seychelles District Plaisance
1%
Macédoine du Nord Municipalité Plasnica
1%
Republique du Congo Département Plateaux
1%
Togo Région Plateaux
1%
Montenegro Municipalité Plav
1%
Montenegro Municipalité Pljevlja
1%
Montenegro Municipalité Plužine
1%
Slovénie Municipalité Podčetrtek
1%
Slovénie Municipalité Podlehnik
1%
Slovénie Municipalité Podvelka
1%
Seychelles District Pointe La Rue
1%
Trinité-et-Tobago Municipalité Point Fortin
1%
Kenya Comté Pokot Ouest
1%
Slovénie Municipalité Poljčane
1%
Estonie Comté Põlva
1%
Slovénie Municipalité Polzela
1%
Guyana Région Pomeroon-Supenaam
1%
Serbie District Pomoravlje
1%
Republique du Congo Département Pool
1%
Seychelles District Port Glaud
1%
Venezuela Etat Portuguesa
1%
Slovénie Municipalité Postojna
1%
Guyana Région Potaro-Siparuni
1%
Thailande Province Prachinburi
1%
Thailande Province Prachuap Khiri Khan
1%
Roumanie Comté Prahova
1%
Slovénie Municipalité Prebold
1%
Slovénie Municipalité Preddvor
1%
Letonnie Municipalité Preiļi
1%
Slovénie Municipalité Prevalje
1%
Trinité-et-Tobago Région Princes Town
1%
Macédoine du Nord Municipalité Probištip
1%
Saudi Arabia Région Province Est
1%
Slovénie Municipalité Puconci
1%
République Dominicaine Province Puerto Plata
1%
Malaisie Territoire Putrajaya
1%
Colombie Département Putumayo
1%
Tanzanie Région Pwani
1%
Corée du Nord Province Pyongyan du Nord
1%
Corée du Nord Province Pyongyan du Sud
1%
Egypte Gouvernorat Qalyubiyya
1%
Ouzbékistan Région Qashqadaryo
1%
Saudi Arabia Région Qassim
1%
Iran Province Qazvin
1%
Egypte Gouvernorat Qena
1%
Guatemala Département Quiché
1%
Guinée-Bissau Région Quinara
1%
Colombie Département Quindío
1%
Syrie Gouvernorat Quneitra
1%
Vietnam Province Quảng Bình
1%
Vietnam Province Quảng Nam
1%
Vietnam Province Quảng Ngãi
1%
Vietnam Province Quảng Ninh
1%
Vietnam Province Quảng Trị
1%
Lesotho District Quthing
1%
Maroc Région Rabat-Salé-Kénitra
1%
Slovénie Municipalité Rače–Fram
1%
Slovénie Municipalité Radeče
1%
Slovénie Municipalité Radenci
1%
Slovénie Municipalité Radlje ob Dravi
1%
Macédoine du Nord Municipalité Radoviš
1%
Slovénie Municipalité Radovljica
1%
Ouganda District Rakai
1%
Myanmar Etat Rakhine
1%
Islande Municipalité Rangárþing eystra
1%
Islande Municipalité Rangárþing ytra
1%
Macédoine du Nord Municipalité Rankovce
1%
Thailande Province Ranong
1%
Estonie Comté Rapla
1%
Serbie District Rasina
1%
Thailande Province Ratchaburi
1%
Slovénie Municipalité Ravne na Koroškem
1%
Yémen Province Raymah
1%
Iran Province Razavi Khorasan
1%
Slovénie Municipalité Razkrižje
1%
Slovénie Municipalité Rečica ob Savinji
1%
Indonésie Province Région spéciale de Yogyakarta
1%
Slovénie Municipalité Renče–Vogrsko
1%
Îles Salomon Province Rennell et Bellona
1%
Macédoine du Nord Municipalité Resen
1%
Guatemala Département Retalhuleu
1%
Islande Municipalité Reykhólahreppur
1%
Islande Municipalité Reykjanesbær
1%
Letonnie Ville Rēzekne
1%
Letonnie Municipalité Rēzekne
1%
Moldavie District Rezina
1%
Slovénie Municipalité Ribnica
1%
Slovénie Municipalité Ribnica na Pohorju
1%
Syrie Gouvernorat Rif Dimashq
1%
Nicaragua Département Río San Juan
1%
Colombie Département Risaralda
1%
Moldavie District Rîșcani
1%
Nicaragua Département Rivas
1%
Gambie Région Rive Nord
1%
Uruguay Département Rivera
1%
Libéria Comté Rivercess
1%
Nigeria Etat Rivers
1%
Gambie Région Rivière centrale
1%
Nigeria Etat Rivière Cross
1%
Liberia Comté Rivière Gee
1%
Soudan Etat Rivière Nil
1%
Uruguay Département Rocha
1%
Seychelles District Roche Caiman
1%
Slovénie Municipalité Rogaška Slatina
1%
Slovénie Municipalité Rogašovci
1%
Slovénie Municipalité Rogatec
1%
Thailande Province Roi Et
1%
Îles Marshall Municipalité Rongelap
1%
Letonnie Municipalit Ropaži
1%
Fidji Dépendence Rotuma
1%
Montenegro Municipalité Rožaje
1%
Ouganda District Rubanda
1%
Ouganda District Rubirizi
1%
Liechtenstein Municipalité Ruggell
1%
Ouganda District Rukiga
1%
Ouganda District Rukungiri
1%
Tanzanie Région Rukwa
1%
Tanzanie Région Ruvuma
1%
Soudan du Sud Aire Ruweng
1%
Ouganda District Rwampara
1%
Corée du Nord Province Ryanggang
1%
Sri Lanka Province Sabaragamuwa
1%
Guatemala Département Sacatepéquez
1%
Yémen Province Sa'dah
1%
Myanmar Région Sagaing
1%
Jamaique Paroisse Sainte Elizabeth
1%
Thailande Province Sa Kaeo
1%
Turquie Province Sakarya
1%
Thailande Province Sakon Nakhon
1%
Irak Province Saladin
1%
Tchad Région Salamat
1%
Letonnie Municipalié Salaspils
1%
Laos Province Salavan
1%
Letonnie Municipalité Saldus
1%
Slovénie Municipalité Šalovci
1%
République Dominicaine Province Samaná
1%
Kenya Comté Samburu
1%
Georgie Région Samtskhe-Javakheti
1%
Thailande Province Samut Prakan
1%
Thailande Province Samut Sakhon
1%
Thailande Province Samut Songkhram
1%
République Dominicaine Province Sánchez Ramírez
1%
Papouasie Nouvelle Guinée Province Sandaun
1%
République Centrafricaine Préfecture Sangha-Mbaéré
1%
Trinité-et-Tobago Région Sangre Grande
1%
République Dominicaine Province San José de Ocoa
1%
Trinité-et-Tobago Région San Juan–Laventille
1%
République Démocratique du Congo Province Sankuru
1%
Guatemala Département San Marcos
1%
République Dominicaine Province San Pedro de Macorís
1%
El Salvador Département Santa Ana
1%
Honduras Département Santa Bárbara
1%
Equateur Province Santa Elena
1%
Colombie Département Santander
1%
Guatemala Département Santa Rosa
1%
République Dominicaine Province Santiago Rodríguez
1%
Equateur Province Santo Domingo de los Tsáchilas
1%
El Salvador Département San Vicente
1%
Thailande Province Saraburi
1%
Suriname District Saramacca
1%
Roumanie Comté Satu Mare
1%
Thailande Province Satun
1%
Samoa District Satupaʻitea
1%
Ghana Région Savannah
1%
Montenegro Municipalité Šavnik
1%
Sénégal Région Sédhiou
1%
Mali Région Ségou
1%
Corée du Sud Province Sejong
1%
Malaisie Etat Selangor
1%
Mongolie Province Selenge
1%
Slovénie Municipalité Selnica ob Dravi
1%
Islande Municipalité Seltjarnarnes
1%
Ouganda District Sembabule
1%
Slovénie Municipalité Semič
1%
Iran Province Semnan
1%
Slovénie Municipalité Šempeter-Vrtojba
1%
Slovénie Municipalité Šenčur
1%
Soudan Etat Sennar
1%
Slovénie Municipalité Šentilj
1%
Slovénie Municipalité Šentjernej
1%
Slovénie Municipalité Šentjur
1%
Slovénie Municipalité Šentrupert
1%
Papouasie Nouvelle Guinée Province Sepik oriental
1%
Ouganda District Serere
1%
Slovénie Municipalité Sevnica
1%
Slovénie Municipalité Sežana
1%
Yémen Province Shabwah
1%
Egypte Gouvernorat Sharqia
1%
Ouganda District Sheema
1%
Vanuatu Province Shefa
1%
Georgie Région Shida Kartli
1%
Tanzanie Région Shinyanga
1%
Eswatini Région Shiselweni
1%
Kenya Comté Siaya
1%
Tunisie Gouvernorat Sidi Bouzid
1%
Tchad Région Sila
1%
Tunisie Gouvernorat Siliana
1%
Tanzanie Région Simiyu
1%
Thailande Province Sing Buri
1%
Moldavie District Sîngerei
1%
Tanzanie Région Singida
1%
Libéria Comté Sinoe
1%
Trinité-et-Tobago Région Siparia
1%
Ouzbékistan Région Sirdaryo
1%
Turquie Province Şırnak
1%
Ouganda District Sironko
1%
Libye District Sirte
1%
Thailande Province Sisaket
1%
Iran Province Sistan et Baluchestan
1%
Turquie Province Sivas
1%
Islande Municipalité Skaftárhreppur
1%
Islande Municipalité Skagabyggð
1%
Islande Municipalité Skagaströnd
1%
Islande Municipalité Skeiða- og Gnúpverjahreppur
1%
Slovénie Municipalité Škocjan
1%
Slovénie Municipalité Škofljica
1%
Islande Municipalité Skorradalshreppur
1%
Slovénie Ville Slovenj Gradec
1%
Slovénie Municipalité Slovenska Bistrica
1%
Slovénie Municipalité Slovenske Konjice
1%
Slovénie Municipalité Šmarje pri Jelšah
1%
Slovénie Municipalité Šmarješke Toplice
1%
Slovénie Municipalité Šmartno ob Paki
1%
Slovénie Municipalité Šmartno pri Litiji
1%
Islande Municipalité Snæfellsbær
1%
Philippines Région SOCCSKSARGEN
1%
Vietnam Province Sóc Trăng
1%
Slovénie Municipalité Sodražica
1%
Egypte Gouvernorat Sohag
1%
Slovénie Municipalité Solčava
1%
Moldavie District Șoldănești
1%
Guatemala Département Sololá
1%
Thailande Province Songkhla
1%
Tanzanie Région Songwe
1%
Vietnam Province Sơn La
1%
El Salvador Département Sonsonate
1%
Palaos Etat Sonsorol
1%
Macédoine du Nord Municipalité Sopište
1%
Uruguay Département Soriano
1%
Moldavie District Soroca
1%
Ouganda District Soroti
1%
Slovénie Municipalité Šoštanj
1%
Maroc Région Souss-Massa
1%
Irlande Comté South Dublin
1%
Letonnie Municipalité South Kurzeme
1%
Maldives Ville South Thiladhunmathi
1%
Slovénie Municipalité Središče ob Dravi
1%
Macédoine du Nord Municipalité Staro Nagoričane
1%
Slovénie Municipalité Starše
1%
Moldavie District Ștefan Vodă
1%
Slovénie Municipalité Štore
1%
Islande Municipalité Strandabyggð
1%
Moldavie District Strășeni
1%
Slovénie Municipalité Straža
1%
Macédoine du Nord Municipalité Studeničani
1%
Islande Municipalité Stykkishólmsbær og Helgafellssveit
1%
Guatemala Département Suchitepéquez
1%
Equateur Province Sucumbíos
1%
Islande Municipalité Súðavíkurhreppur
1%
Corée du Sud Province Sud Chungcheong
1%
Côte d'Ivoire Région Sud-Comoé
1%
Corée du Sud Province Sud Gyeongsang
1%
Corée du Sud Province Sud Jeolla
1%
République Démocratique du Congo Province Sud-Ubangi
1%
Islande Municipalité Suðurnesjabær
1%
Népal Province Sudurpashchim
1%
Mongolie Province Sukhbaatar
1%
Thailande Province Sukhothai
1%
Irak Province Sulaymaniyah
1%
Serbie District Šumadija
1%
Thailande Province Suphan Buri
1%
Thailande Province Surat Thani
1%
Ouzbékistan Région Surxondaryo
1%
Macédoine du Nord Municipalité Šuto Orizari
1%
Islande Municipalité Svalbarðsstrandarhreppur
1%
Islande Municipalité Sveitarfélagið Skagafjörður og Akrahreppur
1%
Slovénie Municipalité Sveta Ana
1%
Slovénie Municipalité Sveta Trojica v Slovenskih Goricah
1%
Slovénie Municipalité Sveti Andraž v Slovenskih Goricah
1%
Slovénie Municipalité Sveti Jurij ob Ščavnici
1%
Slovénie Municipalité Sveti Jurij v Slovenskih Goricah
1%
Macédoine du Nord Municipalité Sveti Nikole
1%
Slovénie Municipalité Sveti Tomaž
1%
Saudi Arabia Région Tabuk
1%
Venezuela Etat Táchira
1%
Uruguay Département Tacuarembó
1%
Djibouti Région Tadjourah
1%
Vanuatu Province Tafea
1%
Jordanie Gouvernorat Tafilah
1%
Philippines Région Tagalog du sud
1%
Philippines Région Tagalog du sud-ouest
1%
Mauritanie Région Tagant
1%
Niger Région Tahoua
1%
Kenya Comté Taita–Taveta
1%
Taiwan Comté Taitung
1%
Seychelles District Takamaka
1%
Islande Municipalité Tálknafjarðarhreppur
1%
Letonnie Municipalité Talsi
1%
Sénégal Région Tambacounda
1%
Kenya Comté Tana River
1%
Tchad Région Tandjilé
1%
Myanmar Région Tanintharyi
1%
Taiwan Municipalité Taoyuan
1%
Nigeria Etat Taraba
1%
Chili Région Tarapacá
1%
Cap Vert Municipalité Tarrafal
1%
Cap Vert Municipalité Tarrafal de São Nicolau
1%
Lituanie Comté Tauragė
1%
Vietnam Province Tây Ninh
1%
Côte d'Ivoire Région Tchologo
1%
Macédoine du Nord Municipalité Tearce
1%
Moldavie District Telenești
1%
Lituanie Comté Telšiai
1%
Îles Salomon Province Temotu
1%
Ouganda District Terego
1%
Îles Salomon Territoire Territoire de la Catipale
1%
Lesotho District Thaba-Tseka
1%
Vietnam Province Thái Bình
1%
Vietnam Province Thái Nguyên
1%
Vietnam Province Thanh Hóa
1%
Kenya Comté Tharaka-Nithi
1%
Vietnam Province Thừa Thiên-Huế
1%
Sénégal Région Thiès
1%
Maldives Atoll Thiladhunmathi du nord
1%
Islande Municipalité Þingeyjarsveit
1%
Tchad Région Tibesti
1%
Niger Région Tillabéri
1%
Vietnam Province Tiền Giang
1%
Mauritanie Région Tiris Zemmour
1%
Slovénie Municipalité Tišina
1%
Islande Municipalité Tjörneshreppur
1%
Turquie Province Tokat
1%
Colombie Département Tolima
1%
Slovénie Municipalité Tolmin
1%
Guinée-Bissau Région Tombali
1%
Côte d'Ivoire Région Tonkpi
1%
Serbie District Toplica
1%
Vanuatu Province Torba
1%
Ouganda District Tororo
1%
Guatemala Département Totonicapán
1%
Thailande Province Trang
1%
Kenya Comté Trans-Nzoia
1%
Mauritanie Région Trarza
1%
Bhoutan District Trashi Yangtse
1%
Thailande Province Trat
1%
Vietnam Province Trà Vinh
1%
Slovénie Municipalité Trbovlje
1%
Slovénie Municipalité Trebnje
1%
Uruguay Département Treinta y Tres
1%
Jamaique Paroisse Trelawny
1%
Slovénie Municipalité Trnovska Vas
1%
Slovénie Municipalité Tržič
1%
Slovénie Municipalité Trzin
1%
République Démocratique du Congo Province Tshopo
1%
République Démocratique du Congo Province Tshuapa
1%
Samoa District Tuamasaga
1%
Letonnie Municipalité Tukums
1%
Perou Département Tumbes
1%
Trinité-et-Tobago Région Tunapuna–Piarco
1%
Equateur Province Tungurahua
1%
Slovénie Municipalité Turnišče
1%
Vietnam Province Tuyên Quang
1%
Montenegro Municipalité Tuzi
1%
Kenya Comté Uasin Gishu
1%
Îles Marshall Municipalité Ujae
1%
Qatar Municipalité Umm Salal
1%
Soudan du Sud Etat Unité
1%
El Salvador Département Usulután
1%
Lituanie Comté Utena
1%
Thailande Province Uthai Thani
1%
Îles Marshall Municipalité Utirik
1%
Thailande Province Uttaradit
1%
Sri Lanka Province Uva
1%
Mongolie Province Uvs
1%
Samoa District Va'a-o-Fonoti
1%
Samoa District Vaisigano
1%
République Centrafricaine Préfecture Vakaga
1%
Madagascar Région Vakinankaratra
1%
Macédoine du Nord Municipalité Valandovo
1%
Roumanie Comté Vâlcea
1%
Philippines Région Valée Cagayan
1%
Estonie Comté Valga
1%
Letonnie Municipalité Valka
1%
Colombie Département Valle del Cauca
1%
République Dominicaine Province Valverde
1%
Letonnie Municipalité Varakļāni
1%
Venezuela Etat Vargas
1%
Macédoine du Nord Municipalité Vasilevo
1%
Madagascar Région Vatovavy
1%
Colombie Département Vaupés
1%
Tonga Division Vavaʻu
1%
Slovénie Ville Velenje
1%
Slovénie Municipalité Velika Polana
1%
Slovénie Municipalité Velike Lašče
1%
Panama Province Veraguas
1%
Slovénie Municipalié Veržej
1%
Islande Municipalité Vestmannaeyjar
1%
Islande Municipalité Vesturbyggð
1%
Macédoine du Nord Municipalité Vevčani
1%
Colombie Département Vichada
1%
Slovénie Municipalité Videm
1%
Kenya Comté Vihiga
1%
Cuba Province Villa Clara
1%
Vietnam Province Vĩnh Phúc
1%
Macédoine du Nord Municipalité Vinica
1%
Slovénie Municipalité Vipava
1%
Timor Oriental Municipalité Viqueque
1%
Philippines Région Visayas centrales
1%
Slovénie Municipalité Vitanje
1%
Slovénie Municipalité Vodice
1%
Islande Municipalité Vogar
1%
Slovénie Municipalité Vojnik
1%
Islande Municipalité Vopnafjarðarhreppur
1%
Estonie Comté Võru
1%
Slovénie Municipalité Vransko
1%
Macédoine du Nord Municipalité Vrapčište
1%
Slovénie Municipalité Vrhnika
1%
Croatie Comté Vukovar-Srijem
1%
Slovénie Municipalité Vuzenica
1%
République Tchèque Région Vysočina
1%
Libye District Wadi al Hayaa
1%
Libye District Wadi al Shatii
1%
Tchad Région Wadi Fira
1%
Kenya Comté Wajir
1%
Ouganda District Wakiso
1%
Suriname District Wanica
1%
Soudan du Sud Etat Warrap
1%
Irak Province Wasit
1%
Guinée équaoriale Province Wele-Nzas
1%
Jamaique Paroisse Westmoreland
1%
Côte d'Ivoire Région Worodougou
1%
Îles Marshall Municipalité Wotho
1%
Îles Marshall Municipalité Wotje
1%
Laos Province Xaignabouli
1%
Laos Province Xaisomboun
1%
Laos Province Xékong
1%
Laos Province Xiangkhouang
1%
Ouzbékistan Région Xorazm
1%
Thailande Province Yala
1%
Venezuela Etat Yaracuy
1%
Thailande Province Yasothon
1%
Iran Province Yazd
1%
Vietnam Province Yên Bái
1%
Taiwan Comté Yilan
1%
Nigeria Etat Yobe
1%
Honduras Département Yoro
1%
Ouganda District Yumbe
1%
Taiwan Comté Yunlin
1%
Montenegro Municipalité Žabljak
1%
Guatemala Département Zacapa
1%
Tunisie Gouvernorat Zaghouan
1%
Slovénie Municipalité Zagorje ob Savi
1%
Serbie District Zaječar
1%
Slovénie Municipalité Žalec
1%
Mozambique Province Zambezia
1%
Nigeria Etat Zamfara
1%
Equateur Province Zamora-Chinchipe
1%
Iran Province Zanjan
1%
Mongolie Province Zavkhan
1%
Slovénie Municipalité Zavrč
1%
Libye District Zawiya
1%
Macédoine du Nord Municipalité Zelenikovo
1%
Slovénie Municipalité Železniki
1%
Macédoine du Nord Municipalité Želino
1%
Slovénie Municipalité Žetale
1%
Sénégal Région Ziguinchor
1%
Niger Région Zinder
1%
Slovénie Municipalité Žiri
1%
Slovénie Municipalité Žirovnica
1%
Serbie District Zlatibor
1%
Ouganda District Zombo
1%
Slovénie Municipalité Zreče
1%
Macédoine du Nord Municipalité Zrnovci
1%
Slovénie Municipalité Žužemberk
1%
Aucun quiz correspondant
Distribution des résultats
% des personnes avec chaque résultat
Percentile par nombre de réponses
Votre historique - résultats
Vous n’avez pas pris ce quiz depuis la dernière actualisation